Statistics for Find The Mystery Capital Using Color Clues - Randomized!

Click here to take the quiz!

General Stats

  • This quiz has been taken 55,980 times
  • The average score is 63 of 196

Answers on the Map

Answers color-coded by a green-red scale on the quiz's map according to % correct below.
 

Answer Stats

CityCity% Correct
CityLondon
89%
CityBerlin
87%
CityLondon
87%
CityParis
87%
CityRome
87%
CityOslo
86%
CityParis
86%
CityWashington D.C.
86%
CityBerlin
85%
CityLondon
85%
CityParis
85%
CityWashington D.C.
85%
CityLondon
84%
CityMoscow
84%
CityOslo
84%
CityStockholm
84%
CityVienna
84%
CityWarsaw
84%
CityAmsterdam
83%
CityBerlin
83%
CityBern
83%
CityCopenhagen
83%
CityHelsinki
83%
CityMadrid
83%
CityParis
83%
CityRome
83%
CityStockholm
83%
CityBeijing
82%
CityBerlin
82%
CityBratislava
82%
CityMadrid
82%
CityOttawa
82%
CityParis
82%
CityPrague
82%
CityTokyo
82%
CityWarsaw
82%
CityBeijing
81%
CityBrasília
81%
CityBrussels
81%
CityBudapest
81%
CityCairo
81%
CityDublin
81%
CityLisbon
81%
CityLondon
81%
CityMoscow
81%
CityNew Delhi
81%
CityPrague
81%
CityReykjavík
81%
CityRome
81%
CityVienna
81%
CityAlgiers
80%
CityAmsterdam
80%
CityAnkara
80%
CityAthens
80%
CityBelgrade
80%
CityCairo
80%
CityCanberra
80%
CityJakarta
80%
CityKiev
80%
CityKinshasa
80%
CityLjubljana
80%
CityLuxembourg
80%
CityMexico City
80%
CityMinsk
80%
CityMonaco
80%
CityPretoria / Cape Town / Bloemfontein
80%
CityRabat
80%
CityReykjavík
80%
CityRiga
80%
CitySan Marino
80%
CitySantiago
80%
CitySarajevo
80%
CityTallinn
80%
CityTehran
80%
CityVaduz
80%
CityValletta
80%
CityVatican City
80%
CityVilnius
80%
CityZagreb
80%
CityAndorra la Vella
79%
CityAnkara
79%
CityAthens
79%
CityBaku
79%
CityBangkok
79%
CityBeirut
79%
CityBerlin
79%
CityBern
79%
CityBogotá
79%
CityBrasília
79%
CityBratislava
79%
CityBrussels
79%
CityBucharest
79%
CityBudapest
79%
CityBuenos Aires
79%
CityCanberra
79%
CityDamascus
79%
CityDhaka
79%
CityDili
79%
CityDoha
79%
CityDublin
79%
CityGuatemala City
79%
CityHanoi
79%
CityHavana
79%
CityJerusalem
79%
CityKiev
79%
CityKuala Lumpur
79%
CityLima
79%
CityMadrid
79%
CityManila
79%
CityNew Delhi
79%
CityOttawa
79%
CityPanama City
79%
CityPodgorica
79%
CityPristina
79%
CityRiga
79%
CityRiyadh
79%
CitySeoul
79%
CitySingapore
79%
CitySkopje
79%
CitySofia
79%
CityTirana
79%
CityTokyo
79%
CityTripoli
79%
CityTunis
79%
CityUlaanbaatar
79%
City | City Wellington
79%
CityAbu Dhabi
78%
CityAbuja
78%
CityAccra
78%
CityAddis Ababa
78%
CityAmman
78%
CityAntananarivo
78%
CityApia
78%
CityAshgabat
78%
CityAsmara
78%
CityAsunción
78%
CityBaghdad
78%
CityBamako
78%
CityBandar Seri Begawan
78%
CityBangui
78%
CityBanjul
78%
CityBasseterre
78%
CityBelgrade
78%
CityBelmopan
78%
CityBishkek
78%
CityBissau
78%
CityBogotá
78%
CityBrazzaville
78%
CityBridgetown
78%
CityBucharest
78%
CityBuenos Aires
78%
CityCaracas
78%
CityCastries
78%
CityChișinău
78%
CityConakry
78%
CityDakar
78%
CityDjibouti
78%
CityDodoma
78%
CityDushanbe
78%
CityFreetown
78%
CityFunafuti
78%
CityGaborone
78%
CityGeorgetown
78%
CityGitega
78%
CityHarare
78%
CityHoniara
78%
CityIslamabad
78%
CityJuba
78%
CityKabul
78%
CityKampala
78%
CityKathmandu
78%
CityKhartoum
78%
CityKigali
78%
CityKingston
78%
CityKingstown
78%
CityKuwait City
78%
CityLa Paz / Sucre
78%
CityLibreville
78%
CityLilongwe
78%
CityLima
78%
CityLisbon
78%
CityLjubljana
78%
CityLomé
78%
CityLuanda
78%
CityLusaka
78%
CityLuxembourg
78%
CityMajuro
78%
CityMalabo
78%
CityMalé
78%
CityManagua
78%
CityManama
78%
CityMaputo
78%
CityMaseru
78%
CityMbabane
78%
CityMexico City
78%
CityMogadishu
78%
CityMonrovia
78%
CityMontevideo
78%
CityMoroni
78%
CityMuscat
78%
CityMystery City (London)
78%
CityNairobi
78%
CityNassau
78%
CityNaypyidaw
78%
CityN'Djamena
78%
CityNgerulmud
78%
CityNiamey
78%
CityNicosia
78%
CityNouakchott
78%
CityNukuʻalofa
78%
CityNur-Sultan
78%
CityOuagadougou
78%
CityPalikir
78%
CityParamaribo
78%
CityParis
78%
CityPhnom Penh
78%
CityPodgorica
78%
CityPort-au-Prince
78%
CityPort Louis
78%
CityPort Moresby
78%
CityPort-of-Spain
78%
CityPorto-Novo / Cotonou
78%
CityPort Vila
78%
CityPraia
78%
CityPretoria / Cape Town / Bloemfontein
78%
CityPristina
78%
CityPyongyang
78%
CityQuito
78%
CityRome
78%
CityRoseau
78%
CitySaint George's
78%
CitySaint John's
78%
CitySana'a
78%
CitySan José
78%
CitySan Salvador
78%
CitySantiago
78%
CitySanto Domingo
78%
CitySão Tomé
78%
CitySarajevo
78%
CitySofia
78%
CitySouth Tarawa
78%
CitySri Jayawardenepura Kotte
78%
CitySuva
78%
CityTaipei
78%
CityTashkent
78%
CityTbilisi
78%
CityTegucigalpa
78%
CityThimphu
78%
CityTirana
78%
CityTunis
78%
CityVatican City
78%
CityVictoria
78%
CityVientiane
78%
CityVilnius
78%
CityWindhoek
78%
CityYamoussoukro
78%
CityYaoundé
78%
CityYaren
78%
CityYerevan
78%
CityZagreb
78%
CityAbuja
77%
CityAccra
77%
CityAlgiers
77%
CityAmman
77%
CityAndorra la Vella
77%
CityAntananarivo
77%
CityApia
77%
CityAshgabat
77%
CityAsmara
77%
CityAsunción
77%
CityBaghdad
77%
CityBaku
77%
CityBamako
77%
CityBandar Seri Begawan
77%
CityBangkok
77%
CityBangui
77%
CityBanjul
77%
CityBasseterre
77%
CityBeirut
77%
CityBelmopan
77%
CityBerlin
77%
CityBishkek
77%
CityBissau
77%
CityBrazzaville
77%
CityBridgetown
77%
CityCaracas
77%
CityCastries
77%
CityChișinău
77%
CityConakry
77%
CityDakar
77%
CityDamascus
77%
CityDhaka
77%
CityDili
77%
CityDjibouti
77%
CityDodoma
77%
CityDoha
77%
CityDushanbe
77%
CityFreetown
77%
CityFunafuti
77%
CityGaborone
77%
CityGeorgetown
77%
CityGitega
77%
CityGuatemala City
77%
CityHanoi
77%
CityHarare
77%
CityHavana
77%
CityHoniara
77%
CityIslamabad
77%
CityJakarta
77%
CityJerusalem
77%
CityJuba
77%
CityKabul
77%
CityKampala
77%
CityKathmandu
77%
CityKhartoum
77%
CityKigali
77%
CityKingston
77%
CityKingstown
77%
CityKinshasa
77%
CityKuala Lumpur
77%
CityKuwait City
77%
CityLibreville
77%
CityLilongwe
77%
CityLomé
77%
CityLuanda
77%
CityLusaka
77%
CityMajuro
77%
CityMalabo
77%
CityMalé
77%
CityManagua
77%
CityManama
77%
CityManila
77%
CityMaputo
77%
CityMaseru
77%
CityMbabane
77%
CityMogadishu
77%
CityMonaco
77%
CityMonrovia
77%
CityMoroni
77%
CityMoscow
77%
CityMuscat
77%
CityMystery City (Moscow)
77%
CityNairobi
77%
CityNassau
77%
CityNaypyidaw
77%
CityN'Djamena
77%
CityNgerulmud
77%
CityNiamey
77%
CityNicosia
77%
CityNouakchott
77%
CityNukuʻalofa
77%
CityNur-Sultan
77%
CityOuagadougou
77%
CityPalikir
77%
CityPanama City
77%
CityParamaribo
77%
CityPhnom Penh
77%
CityPort-au-Prince
77%
CityPort Louis
77%
CityPort Moresby
77%
CityPort-of-Spain
77%
CityPorto-Novo / Cotonou
77%
CityPort Vila
77%
CityPraia
77%
CityPyongyang
77%
CityQuito
77%
CityRabat
77%
CityRiyadh
77%
CityRoseau
77%
CitySaint George's
77%
CitySaint John's
77%
CitySana'a
77%
CitySan José
77%
CitySan Marino
77%
CitySan Salvador
77%
CitySanto Domingo
77%
CitySão Tomé
77%
CitySeoul
77%
CitySingapore
77%
CitySkopje
77%
CitySouth Tarawa
77%
CitySri Jayawardenepura Kotte
77%
CitySuva
77%
CityTaipei
77%
CityTashkent
77%
CityTbilisi
77%
CityTegucigalpa
77%
CityTehran
77%
CityThimphu
77%
CityTripoli
77%
CityUlaanbaatar
77%
CityVaduz
77%
CityValletta
77%
CityVictoria
77%
CityVientiane
77%
CityWashington D.C.
77%
CityWindhoek
77%
CityYamoussoukro
77%
CityYaoundé
77%
CityYaren
77%
CityYerevan
77%
CityLondon
76%
CityRome
76%
CityAmsterdam
75%
CityDublin
75%
CityLondon
75%
CityMoscow
75%
CityOslo
75%
CityParis
75%
CityWashington D.C.
75%
CityAmsterdam
74%
CityBrussels
74%
CityDublin
74%
CityLisbon
74%
CityMoscow
74%
CityParis
74%
CityReykjavík
74%
CityBeijing
73%
CityBern
73%
CityBrussels
73%
CityCanberra
73%
CityLondon
73%
CityMadrid
73%
CityMoscow
73%
CityOslo
73%
CityOttawa
73%
CityRome
73%
CityStockholm
73%
CityWashington D.C.
73%
CityBeijing
72%
CityBerlin
72%
CityCopenhagen
72%
CityDublin
72%
CityHelsinki
72%
CityLondon
72%
CityMadrid
72%
CityMoscow
72%
CityOslo
72%
CityParis
72%
CityStockholm
72%
CityTokyo
72%
CityWashington D.C.
72%
CityAmsterdam
71%
CityBerlin
71%
CityBern
71%
CityBrasília
71%
CityKiev
71%
CityMadrid
71%
CityMoscow
71%
CityNew Delhi
71%
CityOslo
71%
CityPrague
71%
CityRome
71%
CityTallinn
71%
CityVatican City
71%
CityVienna
71%
CityWashington D.C.
71%
CityAmsterdam
70%
CityAnkara
70%
CityBangkok
70%
CityBerlin
70%
CityBrussels
70%
CityCairo
70%
CityCopenhagen
70%
CityDublin
70%
CityJakarta
70%
CityLuxembourg
70%
CityMexico City
70%
CityOttawa
70%
CityParis
70%
CityRiga
70%
CityRome
70%
CityWarsaw
70%
CityWashington D.C.
70%
CityAmsterdam
69%
CityAnkara
69%
CityBeijing
69%
CityCairo
69%
CityHanoi
69%
CityLima
69%
CityLisbon
69%
CityLuxembourg
69%
CityManila
69%
CityMinsk
69%
CityMoscow
69%
CityNew Delhi
69%
CityOslo
69%
CityPretoria / Cape Town / Bloemfontein
69%
CityRabat
69%
CityReykjavík
69%
CityRome
69%
CitySingapore
69%
CityTokyo
69%
CityVienna
69%
CityVilnius
69%
CityWashington D.C.
69%
CityWellington
69%
CityAndorra la Vella
68%
CityAthens
68%
CityBeijing
68%
CityBogotá
68%
CityBratislava
68%
CityBudapest
68%
CityBuenos Aires
68%
CityCanberra
68%
CityDhaka
68%
CityHavana
68%
CityHelsinki
68%
CityKuala Lumpur
68%
CityLisbon
68%
CityLondon
68%
CityMonaco
68%
CityMoscow
68%
CityNur-Sultan
68%
CityOttawa
68%
CityPanama City
68%
CityPrague
68%
CityPretoria / Cape Town / Bloemfontein
68%
CitySantiago
68%
CitySeoul
68%
CitySofia
68%
CityStockholm
68%
CityTokyo
68%
CityVaduz
68%
CityVienna
68%
CityWarsaw
68%
CityWashington D.C.
68%
CityAbu Dhabi
67%
CityAlgiers
67%
CityAnkara
67%
CityAshgabat
67%
CityAsunción
67%
CityBaghdad
67%
CityBeijing
67%
CityBelgrade
67%
CityBerlin
67%
CityBern
67%
CityBishkek
67%
CityBogotá
67%
CityBrasília
67%
CityBrussels
67%
CityBucharest
67%
CityBudapest
67%
CityCanberra
67%
CityCaracas
67%
CityChișinău
67%
CityDili
67%
CityHavana
67%
CityIslamabad
67%
CityJakarta
67%
CityJerusalem
67%
CityKabul
67%
CityKathmandu
67%
CityKiev
67%
CityKingston
67%
CityKingstown
67%
CityLa Paz / Sucre
67%
CityLima
67%
CityLjubljana
67%
CityLuxembourg
67%
CityMexico City
67%
City Montevideo
67%
CityMoscow
67%
CityNairobi
67%
CityNaypyidaw
67%
CityNew Delhi
67%
CityPhnom Penh
67%
CityPort Moresby
67%
CityPrague
67%
CityPretoria / Cape Town / Bloemfontein
67%
CityQuito
67%
CityReykjavík
67%
CityRome
67%
CitySan Marino
67%
CitySantiago
67%
CitySarajevo
67%
CitySingapore
67%
CitySouth Tarawa
67%
CitySuva
67%
CityTaipei
67%
CityTallinn
67%
CityTashkent
67%
CityTbilisi
67%
CityTehran
67%
CityTunis
67%
CityUlaanbaatar
67%
CityVaduz
67%
CityVatican City
67%
CityVientiane
67%
CityWashington D.C.
67%
CityYerevan
67%
CityZagreb
67%
CityAbu Dhabi
66%
CityAbuja
66%
CityAccra
66%
CityAddis Ababa
66%
CityAlgiers
66%
CityAmman
66%
CityAndorra la Vella
66%
CityAntananarivo
66%
CityApia
66%
CityAsmara
66%
CityAsunción
66%
CityBaku
66%
CityBamako
66%
CityBandar Seri Begawan
66%
CityBangkok
66%
CityBangui
66%
CityBanjul
66%
CityBasseterre
66%
CityBeirut
66%
CityBelgrade
66%
CityBelmopan
66%
CityBissau
66%
CityBogotá
66%
CityBrasília
66%
CityBratislava
66%
CityBrazzaville
66%
CityBridgetown
66%
CityBucharest
66%
CityBudapest
66%
CityBuenos Aires
66%
CityCaracas
66%
CityCastries
66%
CityConakry
66%
CityCopenhagen
66%
CityDakar
66%
CityDamascus
66%
CityDhaka
66%
CityDili
66%
CityDjibouti
66%
CityDodoma
66%
CityDoha
66%
CityDushanbe
66%
CityFreetown
66%
CityFunafuti
66%
CityGaborone
66%
CityGeorgetown
66%
CityGitega
66%
CityGuatemala City
66%
CityHanoi
66%
CityHarare
66%
CityHoniara
66%
CityIslamabad
66%
CityJerusalem
66%
CityJuba
66%
CityKampala
66%
CityKhartoum
66%
CityKigali
66%
CityKingston
66%
CityKingstown
66%
CityKinshasa
66%
CityKuala Lumpur
66%
CityKuwait City
66%
CityLa Paz / Sucre
66%
CityLibreville
66%
CityLilongwe
66%
CityLima
66%
CityLisbon
66%
CityLjubljana
66%
CityLomé
66%
CityLuanda
66%
CityLusaka
66%
CityLuxembourg
66%
CityMajuro
66%
CityMalabo
66%
CityMalé
66%
CityManagua
66%
CityManama
66%
CityManila
66%
CityMaputo
66%
CityMaseru
66%
CityMbabane
66%
CityMexico City
66%
CityMinsk
66%
CityMogadishu
66%
CityMonaco
66%
CityMonrovia
66%
CityMontevideo
66%
CityMoroni
66%
CityMuscat
66%
CityMystery City (Tokyo)
66%
CityNairobi
66%
CityNassau
66%
CityN'Djamena
66%
CityNgerulmud
66%
CityNiamey
66%
CityNicosia
66%
CityNouakchott
66%
CityNukuʻalofa
66%
CityNur-Sultan
66%
CityOslo
66%
CityOuagadougou
66%
CityPalikir
66%
CityPanama City
66%
CityParamaribo
66%
CityParis
66%
CityPhnom Penh
66%
CityPodgorica
66%
CityPort-au-Prince
66%
CityPort Louis
66%
CityPort Moresby
66%
CityPort-of-Spain
66%
CityPorto-Novo / Cotonou
66%
CityPort Vila
66%
CityPraia
66%
CityPristina
66%
CityPyongyang
66%
CityRabat
66%
CityRiga
66%
CityRiyadh
66%
CityRome
66%
CityRoseau
66%
CitySaint George's
66%
CitySaint John's
66%
CitySana'a
66%
CitySan José
66%
CitySan Marino
66%
CitySan Salvador
66%
CitySanto Domingo
66%
CitySão Tomé
66%
CitySarajevo
66%
CitySeoul
66%
CitySkopje
66%
CitySofia
66%
CitySri Jayawardenepura Kotte
66%
CityStockholm
66%
CitySuva
66%
CityTegucigalpa
66%
CityThimphu
66%
CityTirana
66%
CityTokyo
66%
CityTripoli
66%
CityTunis
66%
CityUlaanbaatar
66%
CityVaduz
66%
CityValletta
66%
CityVatican City
66%
CityVictoria
66%
CityVientiane
66%
CityVilnius
66%
CityWarsaw
66%
CityWashington D.C.
66%
CityWellington
66%
CityWindhoek
66%
CityYamoussoukro
66%
CityYaoundé
66%
CityYaren
66%
CityZagreb
66%
CityAbuja
65%
CityAccra
65%
CityAmman
65%
CityAndorra la Vella
65%
CityAntananarivo
65%
CityAshgabat
65%
CityAsmara
65%
CityBaghdad
65%
CityBaku
65%
CityBandar Seri Begawan
65%
CityBangui
65%
CityBanjul
65%
CityBasseterre
65%
CityBelmopan
65%
CityBerlin
65%
CityBishkek
65%
CityBissau
65%
CityBratislava
65%
CityBrazzaville
65%
CityBucharest
65%
CityCanberra
65%
CityCaracas
65%
CityChișinău
65%
CityDakar
65%
CityDamascus
65%
CityDjibouti
65%
CityDodoma
65%
CityDoha
65%
CityDushanbe
65%
CityFunafuti
65%
CityGitega
65%
CityHavana
65%
CityHelsinki
65%
CityHoniara
65%
CityJakarta
65%
CityKabul
65%
CityKampala
65%
CityKathmandu
65%
CityKhartoum
65%
CityKigali
65%
CityKinshasa
65%
CityKuwait City
65%
CityLilongwe
65%
CityLjubljana
65%
CityLomé
65%
CityLusaka
65%
CityMadrid
65%
CityMajuro
65%
CityMalabo
65%
CityManama
65%
CityMaputo
65%
CityMaseru
65%
CityMogadishu
65%
CityMoroni
65%
CityMoscow
65%
CityMuscat
65%
CityMystery City (Mexico City)
65%
CityNaypyidaw
65%
CityN'Djamena
65%
CityNgerulmud
65%
CityNouakchott
65%
CityOttawa
65%
CityPalikir
65%
CityPanama City
65%
CityPodgorica
65%
City Port Louis
65%
CityPorto-Novo / Cotonou
65%
CityPort Vila
65%
CityPrague
65%
CityPristina
65%
CityPyongyang
65%
CityQuito
65%
CityRiga
65%
CityRiyadh
65%
CityRome
65%
CityRoseau
65%
CitySaint George's
65%
CitySana'a
65%
CitySantiago
65%
CitySão Tomé
65%
CitySofia
65%
CitySouth Tarawa
65%
CitySri Jayawardenepura Kotte
65%
CityTaipei
65%
CityTallinn
65%
CityTashkent
65%
CityTbilisi
65%
CityTegucigalpa
65%
CityTehran
65%
CityThimphu
65%
CityTokyo
65%
CityTripoli
65%
CityVictoria
65%
CityVienna
65%
CityWarsaw
65%
City Wellington
65%
CityYamoussoukro
65%
CityYaoundé
65%
CityYaren
65%
CityYerevan
65%
CityAbu Dhabi
64%
CityAddis Ababa
64%
CityAmman
64%
CityAntananarivo
64%
CityApia
64%
CityAshgabat
64%
CityAsmara
64%
CityAsunción
64%
CityAthens
64%
CityBaghdad
64%
CityBamako
64%
CityBandar Seri Begawan
64%
CityBangkok
64%
CityBangui
64%
CityBanjul
64%
CityBasseterre
64%
CityBeirut
64%
CityBelmopan
64%
CityBerlin
64%
CityBishkek
64%
CityBissau
64%
CityBrazzaville
64%
CityBridgetown
64%
CityCairo
64%
CityCastries
64%
CityChișinău
64%
CityConakry
64%
CityDamascus
64%
CityDhaka
64%
CityDili
64%
CityDjibouti
64%
CityDodoma
64%
CityDoha
64%
CityDushanbe
64%
CityFreetown
64%
CityFunafuti
64%
CityGaborone
64%
CityGeorgetown
64%
CityGitega
64%
CityGuatemala City
64%
CityHanoi
64%
CityHarare
64%
CityHoniara
64%
CityIslamabad
64%
CityJerusalem
64%
CityJuba
64%
CityKabul
64%
CityKampala
64%
CityKathmandu
64%
CityKiev
64%
CityKigali
64%
CityKingston
64%
CityKingstown
64%
CityKuala Lumpur
64%
CityKuwait City
64%
CityLa Paz / Sucre
64%
CityLibreville
64%
CityLilongwe
64%
CityLomé
64%
CityLondon
64%
CityLuanda
64%
CityLusaka
64%
CityMajuro
64%
CityMalabo
64%
CityMalé
64%
CityManagua
64%
CityManama
64%
CityManila
64%
CityMaputo
64%
CityMaseru
64%
CityMbabane
64%
CityMexico City
64%
CityMinsk
64%
CityMogadishu
64%
CityMonrovia
64%
CityMontevideo
64%
CityMoroni
64%
CityMuscat
64%
CityMystery City (Madrid)
64%
CityNairobi
64%
CityNassau
64%
CityNaypyidaw
64%
CityNew Delhi
64%
CityNgerulmud
64%
CityNiamey
64%
CityNicosia
64%
CityNouakchott
64%
CityNukuʻalofa
64%
CityNur-Sultan
64%
CityOuagadougou
64%
CityPalikir
64%
CityParamaribo
64%
CityPhnom Penh
64%
CityPodgorica
64%
CityPort-au-Prince
64%
CityPort Louis
64%
CityPort Moresby
64%
CityPort-of-Spain
64%
CityPorto-Novo / Cotonou
64%
CityPort Vila
64%
CityPraia
64%
CityPristina
64%
CityPyongyang
64%
CityRome
64%
CityRoseau
64%
CitySaint George's
64%
CitySaint John's
64%
CitySana'a
64%
CitySan José
64%
CitySan Salvador
64%
CitySanto Domingo
64%
CitySão Tomé
64%
CitySarajevo
64%
CitySeoul
64%
CitySingapore
64%
CitySkopje
64%
CitySouth Tarawa
64%
CitySri Jayawardenepura Kotte
64%
CityStockholm
64%
CitySuva
64%
CityTaipei
64%
CityTashkent
64%
CityTbilisi
64%
CityTegucigalpa
64%
CityThimphu
64%
CityTirana
64%
CityUlaanbaatar
64%
CityVatican City
64%
CityVictoria
64%
CityVientiane
64%
CityVilnius
64%
CityWashington D.C.
64%
CityWindhoek
64%
CityYamoussoukro
64%
CityYaoundé
64%
CityYaren
64%
CityYerevan
64%
CityAnkara
63%
CityAthens
63%
CityBern
63%
CityBrasília
63%
CityBratislava
63%
CityBudapest
63%
CityBuenos Aires
63%
CityMadrid
63%
CityMexico City
63%
CityMonaco
63%
CityOslo
63%
CityParis
63%
CityPretoria / Cape Town / Bloemfontein
63%
CityRome
63%
CitySan Marino
63%
CitySantiago
63%
CitySofia
63%
CityTokyo
63%
CityVaduz
63%
CityWashington D.C.
63%
CityAndorra la Vella
62%
CityBangkok
62%
CityBelgrade
62%
CityBogotá
62%
CityBucharest
62%
CityCairo
62%
CityHavana
62%
CityJakarta
62%
CityLima
62%
CityLisbon
62%
CityLjubljana
62%
CityLuxembourg
62%
CityMadrid
62%
CityMontevideo
62%
CityMoscow
62%
CityNairobi
62%
CityNew Delhi
62%
CityOttawa
62%
CityParis
62%
CityPretoria / Cape Town / Bloemfontein
62%
CityRabat
62%
CityRiyadh
62%
CityRome
62%
CitySeoul
62%
CityVilnius
62%
CityWarsaw
62%
City Wellington
62%
CityAbu Dhabi
61%
CityAbuja
61%
CityAccra
61%
CityAddis Ababa
61%
CityAlgiers
61%
CityAmman
61%
CityAntananarivo
61%
CityApia
61%
CityAshgabat
61%
CityAsmara
61%
CityAsunción
61%
CityBaghdad
61%
CityBaku
61%
CityBamako
61%
CityBandar Seri Begawan
61%
CityBangui
61%
CityBanjul
61%
CityBasseterre
61%
CityBeijing
61%
CityBeirut
61%
CityBelmopan
61%
CityBishkek
61%
CityBissau
61%
CityBrazzaville
61%
CityBridgetown
61%
CityBudapest
61%
CityCaracas
61%
CityCastries
61%
CityChișinău
61%
CityConakry
61%
CityDakar
61%
CityDamascus
61%
CityDhaka
61%
CityDili
61%
CityDjibouti
61%
CityDodoma
61%
CityDoha
61%
CityDushanbe
61%
CityFreetown
61%
CityFunafuti
61%
CityGaborone
61%
CityGeorgetown
61%
CityGitega
61%
CityGuatemala City
61%
CityHanoi
61%
CityHarare
61%
CityHelsinki
61%
CityHoniara
61%
CityIslamabad
61%
CityJerusalem
61%
CityJuba
61%
CityKabul
61%
CityKampala
61%
CityKathmandu
61%
CityKhartoum
61%
CityKigali
61%
CityKingston
61%
CityKingstown
61%
CityKinshasa
61%
CityKuala Lumpur
61%
CityKuwait City
61%
CityLa Paz / Sucre
61%
CityLibreville
61%
CityLilongwe
61%
CityLima
61%
CityLomé
61%
CityLondon
61%
CityLuanda
61%
CityLusaka
61%
CityMajuro
61%
CityMalabo
61%
CityMalé
61%
CityManagua
61%
CityManama
61%
CityManila
61%
CityMaputo
61%
CityMaseru
61%
CityMbabane
61%
CityMogadishu
61%
CityMonrovia
61%
CityMoroni
61%
CityMoscow
61%
CityMuscat
61%
CityMystery City (Oslo)
61%
CityNassau
61%
CityNaypyidaw
61%
CityN'Djamena
61%
CityNgerulmud
61%
CityNiamey
61%
CityNicosia
61%
CityNouakchott
61%
CityNukuʻalofa
61%
CityNur-Sultan
61%
CityOuagadougou
61%
CityPalikir
61%
CityPanama City
61%
CityParamaribo
61%
CityParis
61%
CityPhnom Penh
61%
CityPodgorica
61%
CityPort-au-Prince
61%
CityPort Louis
61%
CityPort Moresby
61%
CityPort-of-Spain
61%
CityPorto-Novo / Cotonou
61%
CityPort Vila
61%
CityPrague
61%
CityPraia
61%
CityPristina
61%
CityPyongyang
61%
CityQuito
61%
CityRoseau
61%
CitySaint George's
61%
CitySaint John's
61%
CitySana'a
61%
CitySan José
61%
CitySan Salvador
61%
CitySanto Domingo
61%
CitySão Tomé
61%
CitySarajevo
61%
CitySingapore
61%
CitySkopje
61%
CitySouth Tarawa
61%
CitySri Jayawardenepura Kotte
61%
CitySuva
61%
CityTaipei
61%
CityTashkent
61%
CityTbilisi
61%
CityTegucigalpa
61%
CityTehran
61%
CityThimphu
61%
CityTirana
61%
CityTripoli
61%
CityTunis
61%
CityUlaanbaatar
61%
CityValletta
61%
CityVictoria
61%
CityVienna
61%
CityVientiane
61%
CityWashington D.C.
61%
CityWindhoek
61%
CityYamoussoukro
61%
CityYaoundé
61%
CityYaren
61%
CityYerevan
61%
CityZagreb
61%
CityBern
60%
CityBogotá
60%
CityCairo
60%
CityCopenhagen
60%
CityDublin
60%
CityLisbon
60%
CityLondon
60%
CityMexico City
60%
CityMinsk
60%
CityMoscow
60%
CityNew Delhi
60%
CityOslo
60%
CityRiga
60%
CityRome
60%
CityTallinn
60%
CityTokyo
60%
CityAmsterdam
59%
CityAnkara
59%
CityCopenhagen
59%
CityLisbon
59%
CityLondon
59%
CityMadrid
59%
CityMexico City
59%
CityNew Delhi
59%
CityPanama City
59%
CityPrague
59%
CityRabat
59%
CityReykjavík
59%
CitySeoul
59%
CityTokyo
59%
CityBerlin
58%
CityBrasília
58%
CityBucharest
58%
CityCaracas
58%
CityHavana
58%
CityKinshasa
58%
CityLondon
58%
CityMadrid
58%
CityMoscow
58%
CityNew Delhi
58%
CityOslo
58%
CityOttawa
58%
CityQuito
58%
CityRiga
58%
CityRome
58%
CitySantiago
58%
CityStockholm
58%
CityTallinn
58%
CityVilnius
58%
CityWashington D.C.
58%
CityAccra
57%
CityAlgiers
57%
CityAthens
57%
CityBeijing
57%
CityBerlin
57%
CityBrasília
57%
CityBudapest
57%
CityCairo
57%
CityCanberra
57%
CityDublin
57%
CityGuatemala City
57%
CityLondon
57%
CityMexico City
57%
CityParis
57%
CityPretoria / Cape Town / Bloemfontein
57%
CityReykjavík
57%
CitySofia
57%
CityTokyo
57%
CityWarsaw
57%
CityAbuja
56%
CityAthens
56%
CityBelgrade
56%
CityBrasília
56%
CityBratislava
56%
CityCanberra
56%
CityDakar
56%
CityDublin
56%
CityKiev
56%
CityKingston
56%
CityKingstown
56%
CityLisbon
56%
CityLondon
56%
CityMexico City
56%
CityMinsk
56%
CityMontevideo
56%
CityMoscow
56%
CityNew Delhi
56%
CityParis
56%
CitySan José
56%
CitySarajevo
56%
CityStockholm
56%
CityTokyo
56%
CityTunis
56%
CityWarsaw
56%
CityWashington D.C.
56%
CityWindhoek
56%
CityZagreb
56%
CityAmsterdam
55%
CityAnkara
55%
CityBangkok
55%
CityBeijing
55%
CityBelmopan
55%
CityBern
55%
CityBrazzaville
55%
CityBrussels
55%
CityCairo
55%
CityChișinău
55%
CityCopenhagen
55%
CityGeorgetown
55%
CityHelsinki
55%
CityJakarta
55%
CityJerusalem
55%
CityKhartoum
55%
CityLa Paz / Sucre
55%
CityLjubljana
55%
CityLomé
55%
CityLondon
55%
CityLuanda
55%
CityMadrid
55%
CityMonrovia
55%
CityNairobi
55%
CityNassau
55%
CityNew Delhi
55%
CityParamaribo
55%
CityParis
55%
CityPort-au-Prince
55%
CityReykjavík
55%
CityRome
55%
CitySan Salvador
55%
CitySão Tomé
55%
City Seoul
55%
CityStockholm
55%
CityTallinn
55%
CityTehran
55%
CityTokyo
55%
CityVaduz
55%
CityVatican City
55%
CityVienna
55%
CityVilnius
55%
CityWarsaw
55%
CityYaoundé
55%
CityAddis Ababa
54%
CityAlgiers
54%
CityAnkara
54%
CityAntananarivo
54%
CityAsunción
54%
CityAthens
54%
CityBaghdad
54%
CityBamako
54%
CityBangkok
54%
CityBanjul
54%
CityBasseterre
54%
CityBelgrade
54%
CityBern
54%
CityBissau
54%
CityBratislava
54%
CityBridgetown
54%
CityBrussels
54%
CityBudapest
54%
CityCastries
54%
CityDhaka
54%
CityDodoma
54%
CityFreetown
54%
CityGaborone
54%
CityHanoi
54%
CityHarare
54%
CityJakarta
54%
CityKampala
54%
CityKiev
54%
CityLima
54%
CityLondon
54%
CityLusaka
54%
CityLuxembourg
54%
CityManagua
54%
CityManila
54%
CityMaputo
54%
CityMbabane
54%
CityMexico City
54%
CityMogadishu
54%
CityMonaco
54%
CityN'Djamena
54%
CityNiamey
54%
CityNouakchott
54%
CityNur-Sultan
54%
CityOslo
54%
CityOttawa
54%
CityOuagadougou
54%
CityPort Louis
54%
CityPort-of-Spain
54%
CityPorto-Novo / Cotonou
54%
CityPrague
54%
CityPraia
54%
CityPretoria / Cape Town / Bloemfontein
54%
CityRiga
54%
CityRiyadh
54%
CityRoseau
54%
CitySaint George's
54%
CitySaint John's
54%
CitySan Marino
54%
CitySanto Domingo
54%
CitySeoul
54%
CityTegucigalpa
54%
CityTripoli
54%
CityUlaanbaatar
54%
CityValletta
54%
CityVienna
54%
CityWellington
54%
CityYamoussoukro
54%
CityZagreb
54%
CityAbu Dhabi
53%
CityAmman
53%
CityAmsterdam
53%
CityAndorra la Vella
53%
CityApia
53%
CityAshgabat
53%
CityAsmara
53%
CityBaghdad
53%
CityBaku
53%
CityBandar Seri Begawan
53%
CityBangkok
53%
CityBangui
53%
CityBeijing
53%
CityBeirut
53%
CityBishkek
53%
CityBrasília
53%
CityBratislava
53%
CityBucharest
53%
CityBuenos Aires
53%
CityCairo
53%
CityChișinău
53%
CityConakry
53%
CityDamascus
53%
CityDili
53%
CityDjibouti
53%
CityDoha
53%
CityDushanbe
53%
CityFunafuti
53%
CityGitega
53%
CityHavana
53%
CityHelsinki
53%
CityHoniara
53%
CityIslamabad
53%
CityJakarta
53%
CityJerusalem
53%
CityJuba
53%
CityKabul
53%
CityKathmandu
53%
CityKiev
53%
CityKigali
53%
CityKinshasa
53%
CityKuala Lumpur
53%
CityKuwait City
53%
CityLibreville
53%
CityLilongwe
53%
CityLima
53%
CityLjubljana
53%
CityMajuro
53%
CityMalabo
53%
CityMalé
53%
CityManama
53%
CityManila
53%
CityMaseru
53%
CityMinsk
53%
CityMoroni
53%
CityMoscow
53%
CityMuscat
53%
CityMystery City (Buenos Aires)
53%
CityNairobi
53%
CityNaypyidaw
53%
CityNgerulmud
53%
CityNicosia
53%
CityNukuʻalofa
53%
CityNur-Sultan
53%
CityPalikir
53%
CityParis
53%
CityPhnom Penh
53%
CityPodgorica
53%
CityPort Moresby
53%
CityPort Vila
53%
CityPristina
53%
CityPyongyang
53%
CityRabat
53%
CityRiyadh
53%
CitySana'a
53%
CitySan Marino
53%
CitySantiago
53%
CitySarajevo
53%
CitySingapore
53%
CitySkopje
53%
CitySofia
53%
CitySouth Tarawa
53%
CitySri Jayawardenepura Kotte
53%
CitySuva
53%
CityTaipei
53%
CityTashkent
53%
CityTbilisi
53%
CityThimphu
53%
CityTirana
53%
CityTunis
53%
CityVaduz
53%
CityVictoria
53%
CityVientiane
53%
CityVilnius
53%
CityWashington D.C.
53%
City Wellington
53%
CityYaren
53%
CityYerevan
53%
CityAbu Dhabi
52%
CityAbuja
52%
CityAccra
52%
CityAddis Ababa
52%
CityAmman
52%
CityAntananarivo
52%
CityApia
52%
CityAshgabat
52%
CityAsmara
52%
CityAsunción
52%
CityBamako
52%
CityBandar Seri Begawan
52%
CityBangkok
52%
CityBangui
52%
CityBanjul
52%
CityBasseterre
52%
CityBelmopan
52%
CityBishkek
52%
CityBissau
52%
CityBogotá
52%
CityBrazzaville
52%
CityBridgetown
52%
CityBudapest
52%
CityCairo
52%
CityCanberra
52%
CityCaracas
52%
CityCastries
52%
CityConakry
52%
CityCopenhagen
52%
CityDakar
52%
CityDamascus
52%
CityDhaka
52%
CityDili
52%
CityDjibouti
52%
CityDodoma
52%
CityDoha
52%
CityDushanbe
52%
CityFreetown
52%
CityFunafuti
52%
CityGaborone
52%
CityGeorgetown
52%
CityGitega
52%
CityGuatemala City
52%
CityHanoi
52%
CityHarare
52%
CityHoniara
52%
CityIslamabad
52%
CityJakarta
52%
CityJuba
52%
CityKabul
52%
CityKampala
52%
CityKathmandu
52%
CityKhartoum
52%
CityKigali
52%
CityKingston
52%
CityKingstown
52%
CityKuala Lumpur
52%
CityKuwait City
52%
CityLa Paz / Sucre
52%
CityLibreville
52%
CityLilongwe
52%
CityLisbon
52%
CityLjubljana
52%
CityLomé
52%
CityLondon
52%
CityLuanda
52%
CityLusaka
52%
CityMajuro
52%
CityMalabo
52%
CityMalé
52%
CityManagua
52%
CityManama
52%
CityMaputo
52%
CityMaseru
52%
CityMbabane
52%
CityMogadishu
52%
CityMonaco
52%
CityMonrovia
52%
CityMontevideo
52%
CityMoroni
52%
CityMuscat
52%
CityMystery City (Kiev)
52%
CityNassau
52%
CityNaypyidaw
52%
CityN'Djamena
52%
CityNgerulmud
52%
CityNiamey
52%
CityNouakchott
52%
CityNukuʻalofa
52%
CityOttawa
52%
CityOuagadougou
52%
CityPalikir
52%
CityPanama City
52%
CityParamaribo
52%
CityParis
52%
CityPhnom Penh
52%
CityPort-au-Prince
52%
CityPort Louis
52%
CityPort Moresby
52%
CityPort-of-Spain
52%
CityPorto-Novo / Cotonou
52%
CityPort Vila
52%
CityPraia
52%
CityPristina
52%
CityPyongyang
52%
CityQuito
52%
CityRabat
52%
CityRiyadh
52%
CityRoseau
52%
CitySaint George's
52%
CitySaint John's
52%
CitySana'a
52%
CitySan José
52%
CitySan Salvador
52%
CitySanto Domingo
52%
CitySão Tomé
52%
CitySarajevo
52%
CitySeoul
52%
CitySouth Tarawa
52%
CitySri Jayawardenepura Kotte
52%
CitySuva
52%
CityTaipei
52%
CityTashkent
52%
CityTegucigalpa
52%
CityThimphu
52%
CityTripoli
52%
CityVaduz
52%
CityVictoria
52%
CityVientiane
52%
City Wellington
52%
CityWindhoek
52%
CityYamoussoukro
52%
CityYaoundé
52%
CityYaren
52%
CityYerevan
52%
CityZagreb
52%
CityAbu Dhabi
51%
CityAbuja
51%
CityAlgiers
51%
CityAmsterdam
51%
CityAshgabat
51%
CityAsunción
51%
CityAthens
51%
CityBaghdad
51%
CityBaku
51%
CityBandar Seri Begawan
51%
CityBangui
51%
CityBeijing
51%
CityBeirut
51%
CityBishkek
51%
CityBogotá
51%
CityBrazzaville
51%
CityBuenos Aires
51%
CityCairo
51%
CityCanberra
51%
CityCaracas
51%
CityCopenhagen
51%
CityDakar
51%
CityDhaka
51%
CityDili
51%
CityDjibouti
51%
CityDoha
51%
CityHanoi
51%
CityHarare
51%
CityHavana
51%
CityIslamabad
51%
CityKabul
51%
CityKampala
51%
CityKathmandu
51%
CityKhartoum
51%
CityKinshasa
51%
CityKuala Lumpur
51%
CityKuwait City
51%
CityLa Paz / Sucre
51%
CityLima
51%
CityLomé
51%
CityLuanda
51%
CityMalabo
51%
CityMalé
51%
CityManila
51%
CityMexico City
51%
CityMogadishu
51%
CityMontevideo
51%
CityNairobi
51%
CityNassau
51%
CityNaypyidaw
51%
CityN'Djamena
51%
CityOttawa
51%
CityOuagadougou
51%
CityPanama City
51%
CityParamaribo
51%
CityParis
51%
CityPhnom Penh
51%
CityPodgorica
51%
CityPort Moresby
51%
CityPyongyang
51%
CityQuito
51%
CityReykjavík
51%
CitySan José
51%
CitySan Marino
51%
CitySan Salvador
51%
CitySantiago
51%
CitySeoul
51%
CitySingapore
51%
CitySkopje
51%
CitySuva
51%
CityTaipei
51%
CityTashkent
51%
CityTegucigalpa
51%
CityTehran
51%
CityTirana
51%
CityTripoli
51%
CityTunis
51%
CityUlaanbaatar
51%
CityValletta
51%
CityVatican City
51%
CityVientiane
51%
CityWashington D.C.
51%
CityWindhoek
51%
CityAddis Ababa
50%
CityAmman
50%
CityAnkara
50%
CityAntananarivo
50%
CityApia
50%
CityAsmara
50%
CityAthens
50%
CityBamako
50%
CityBanjul
50%
CityBasseterre
50%
CityBelmopan
50%
CityBerlin
50%
CityBissau
50%
CityBridgetown
50%
CityCairo
50%
CityCastries
50%
CityChișinău
50%
CityConakry
50%
CityDamascus
50%
CityDodoma
50%
CityDushanbe
50%
CityFreetown
50%
CityFunafuti
50%
CityGaborone
50%
CityGeorgetown
50%
CityGitega
50%
CityGuatemala City
50%
CityHoniara
50%
CityJerusalem
50%
CityJuba
50%
CityKigali
50%
CityKingston
50%
CityKingstown
50%
CityLibreville
50%
CityLilongwe
50%
CityLondon
50%
CityLusaka
50%
CityMadrid
50%
CityMajuro
50%
CityManagua
50%
CityManama
50%
CityManila
50%
CityMaputo
50%
CityMaseru
50%
CityMbabane
50%
CityMexico City
50%
CityMonrovia
50%
CityMoroni
50%
CityMoscow
50%
CityMuscat
50%
CityMystery City (Reykjavík)
50%
CityNgerulmud
50%
CityNiamey
50%
CityNicosia
50%
CityNouakchott
50%
CityNukuʻalofa
50%
CityNur-Sultan
50%
CityOttawa
50%
CityPalikir
50%
CityPort-au-Prince
50%
CityPort Louis
50%
CityPort-of-Spain
50%
CityPorto-Novo / Cotonou
50%
CityPort Vila
50%
CityPraia
50%
CityRiga
50%
CityRome
50%
CityRoseau
50%
CitySaint George's
50%
CitySaint John's
50%
CitySana'a
50%
CitySanto Domingo
50%
CitySão Tomé
50%
CitySouth Tarawa
50%
CitySri Jayawardenepura Kotte
50%
CityTallinn
50%
CityTbilisi
50%
CityThimphu
50%
CityVictoria
50%
CityWashington D.C.
50%
CityYamoussoukro
50%
CityYaoundé
50%
CityYaren
50%
CityYerevan
50%
CityAmsterdam
49%
CityAnkara
49%
CityBern
49%
CityCairo
49%
CityDublin
49%
CityJakarta
49%
CityMadrid
49%
CityMinsk
49%
CityMoscow
49%
CityOttawa
49%
CityPretoria / Cape Town / Bloemfontein
49%
CityPyongyang
49%
CityRiga
49%
CityRome
49%
CitySeoul
49%
CityTokyo
49%
CityVienna
49%
CityWashington D.C.
49%
CityAnkara
48%
CityBern
48%
CityBrasília
48%
CityBrussels
48%
CityBudapest
48%
CityCairo
48%
CityDublin
48%
CityJakarta
48%
CityLima
48%
CityLisbon
48%
CityLondon
48%
CityLuxembourg
48%
CityMadrid
48%
CityMexico City
48%
CityMoscow
48%
CityNew Delhi
48%
CityParis
48%
CityReykjavík
48%
CitySantiago
48%
CitySofia
48%
CityStockholm
48%
CityWarsaw
48%
CityWashington D.C.
48%
CityAnkara
47%
CityAthens
47%
CityBerlin
47%
CityBogotá
47%
CityBrasília
47%
CityBratislava
47%
CityCanberra
47%
CityDublin
47%
CityHelsinki
47%
CityLisbon
47%
CityLondon
47%
CityMadrid
47%
CityManila
47%
CityMexico City
47%
CityMinsk
47%
CityNew Delhi
47%
CityParis
47%
CityPrague
47%
CityPretoria / Cape Town / Bloemfontein
47%
CityRome
47%
CityTaipei
47%
CityTokyo
47%
CityVatican City
47%
CityWashington D.C.
47%
CityAmsterdam
46%
CityBangkok
46%
CityBeijing
46%
CityBerlin
46%
CityBratislava
46%
CityBrussels
46%
CityBucharest
46%
CityCanberra
46%
CityHanoi
46%
CityLjubljana
46%
CityLondon
46%
CityMontevideo
46%
CityMoscow
46%
CityOttawa
46%
CityParis
46%
CityPretoria / Cape Town / Bloemfontein
46%
CityPyongyang
46%
CityReykjavík
46%
CitySofia
46%
CityUlaanbaatar
46%
CityVaduz
46%
CityVienna
46%
CityVilnius
46%
CityWashington D.C.
46%
CityZagreb
46%
CityAthens
45%
CityBeijing
45%
CityBelgrade
45%
CityBerlin
45%
CityBrasília
45%
CityBucharest
45%
CityBudapest
45%
CityHavana
45%
CityJakarta
45%
CityKuala Lumpur
45%
CityLima
45%
CityLisbon
45%
CityLondon
45%
CityMadrid
45%
CityMoscow
45%
CityNew Delhi
45%
CityOslo
45%
CityParis
45%
CityPyongyang
45%
CityTaipei
45%
CityWarsaw
45%
CityWashington D.C.
45%
City | City Wellington
45%
CityZagreb
45%
CityAbuja
44%
CityAccra
44%
CityAndorra la Vella
44%
CityAnkara
44%
CityBangkok
44%
CityBeijing
44%
CityBelgrade
44%
CityBerlin
44%
CityBogotá
44%
CityBuenos Aires
44%
CityCanberra
44%
CityDhaka
44%
CityHelsinki
44%
CityIslamabad
44%
CityKathmandu
44%
CityLjubljana
44%
CityLondon
44%
CityLuxembourg
44%
CityMexico City
44%
CityMonaco
44%
CityMoscow
44%
CityNew Delhi
44%
CityNur-Sultan
44%
CityOttawa
44%
CityPanama City
44%
CityParis
44%
CityPretoria / Cape Town / Bloemfontein
44%
CityReykjavík
44%
CityRiyadh
44%
CityRome
44%
CitySan Marino
44%
CitySantiago
44%
CitySarajevo
44%
CitySkopje
44%
CityStockholm
44%
CityTaipei
44%
CityTehran
44%
CityTunis
44%
CityUlaanbaatar
44%
CityVilnius
44%
CityWashington D.C.
44%
CityAddis Ababa
43%
CityAlgiers
43%
CityAmman
43%
CityAsunción
43%
CityAthens
43%
CityBaghdad
43%
CityBaku
43%
CityBasseterre
43%
CityBeijing
43%
CityBelmopan
43%
CityBogotá
43%
CityBrasília
43%
CityBuenos Aires
43%
CityCairo
43%
CityCanberra
43%
CityCaracas
43%
CityCastries
43%
CityChișinău
43%
CityDamascus
43%
CityDoha
43%
CityGuatemala City
43%
CityHanoi
43%
CityHavana
43%
CityJakarta
43%
CityJerusalem
43%
CityKabul
43%
CityKathmandu
43%
CityKiev
43%
CityKinshasa
43%
CityLa Paz / Sucre
43%
CityMadrid
43%
CityManila
43%
CityMonaco
43%
CityNairobi
43%
CityNassau
43%
CityNur-Sultan
43%
CityOttawa
43%
CityParis
43%
CityPort-of-Spain
43%
CityPrague
43%
CityPretoria / Cape Town / Bloemfontein
43%
CityPristina
43%
CityQuito
43%
CityRabat
43%
CityReykjavík
43%
CityRiyadh
43%
CityRome
43%
CitySaint John's
43%
CitySan Salvador
43%
CitySantiago
43%
CitySarajevo
43%
CitySeoul
43%
CitySkopje
43%
CityStockholm
43%
CityTashkent
43%
CityTbilisi
43%
CityTegucigalpa
43%
CityTirana
43%
CityTunis
43%
CityVaduz
43%
CityValletta
43%
CityVienna
43%
CityWashington D.C.
43%
City Wellington
43%
CityZagreb
43%
CityAbu Dhabi
42%
CityAbuja
42%
CityAndorra la Vella
42%
CityAnkara
42%
CityAntananarivo
42%
CityApia
42%
CityAshgabat
42%
CityAsmara
42%
CityAsunción
42%
CityBaghdad
42%
CityBaku
42%
CityBamako
42%
CityBandar Seri Begawan
42%
CityBangkok
42%
CityBangui
42%
CityBanjul
42%
CityBeijing
42%
CityBeirut
42%
CityBerlin
42%
CityBishkek
42%
CityBissau
42%
CityBogotá
42%
CityBrazzaville
42%
CityBridgetown
42%
CityBucharest
42%
CityCairo
42%
CityCaracas
42%
CityChișinău
42%
CityConakry
42%
CityDakar
42%
CityDhaka
42%
CityDili
42%
CityDjibouti
42%
CityDodoma
42%
CityDublin
42%
CityDushanbe
42%
CityFreetown
42%
CityFunafuti
42%
CityGaborone
42%
CityGeorgetown
42%
CityGitega
42%
CityHarare
42%
CityHavana
42%
CityHoniara
42%
CityIslamabad
42%
CityJuba
42%
CityKabul
42%
CityKampala
42%
CityKathmandu
42%
CityKhartoum
42%
CityKiev
42%
CityKigali
42%
CityKingston
42%
CityKingstown
42%
CityKuala Lumpur
42%
CityKuwait City
42%
CityLibreville
42%
CityLilongwe
42%
CityLisbon
42%
CityLomé
42%
CityLuanda
42%
CityLusaka
42%
CityMadrid
42%
CityMajuro
42%
CityMalabo
42%
CityMalé
42%
CityManagua
42%
CityManama
42%
CityMaputo
42%
CityMaseru
42%
CityMbabane
42%
CityMogadishu
42%
CityMonrovia
42%
CityMontevideo
42%
CityMoroni
42%
CityMoscow
42%
CityMuscat
42%
CityMystery City (Tallinn)
42%
CityNaypyidaw
42%
CityN'Djamena
42%
CityNew Delhi
42%
CityNgerulmud
42%
CityNiamey
42%
CityNicosia
42%
CityNouakchott
42%
CityNukuʻalofa
42%
CityNur-Sultan
42%
CityOuagadougou
42%
CityPalikir
42%
CityParamaribo
42%
CityParis
42%
CityPhnom Penh
42%
CityPodgorica
42%
CityPort-au-Prince
42%
CityPort Louis
42%
CityPort Moresby
42%
CityPorto-Novo / Cotonou
42%
CityPort Vila
42%
CityPraia
42%
CityPristina
42%
CityPyongyang
42%
CityRabat
42%
CityRoseau
42%
CitySaint George's
42%
CitySana'a
42%
CitySan José
42%
CitySantiago
42%
CitySanto Domingo
42%
CitySão Tomé
42%
CitySeoul
42%
CitySingapore
42%
CitySouth Tarawa
42%
CitySri Jayawardenepura Kotte
42%
CitySuva
42%
CityTaipei
42%
CityTashkent
42%
CityTehran
42%
CityThimphu
42%
CityTripoli
42%
CityUlaanbaatar
42%
CityValletta
42%
CityVictoria
42%
CityVientiane
42%
CityWarsaw
42%
CityWashington D.C.
42%
CityWellington
42%
CityWindhoek
42%
CityYamoussoukro
42%
CityYaoundé
42%
CityYaren
42%
CityYerevan
42%
CityAbu Dhabi
41%
CityAccra
41%
CityAddis Ababa
41%
CityAmman
41%
CityAnkara
41%
CityAntananarivo
41%
CityAsunción
41%
CityAthens
41%
CityBaghdad
41%
CityBaku
41%
CityBandar Seri Begawan
41%
CityBangkok
41%
CityBeijing
41%
CityBerlin
41%
CityBishkek
41%
CityBogotá
41%
CityBrussels
41%
CityBudapest
41%
CityBuenos Aires
41%
CityCairo
41%
CityCaracas
41%
CityCopenhagen
41%
CityDakar
41%
CityDamascus
41%
CityDhaka
41%
CityDili
41%
CityDoha
41%
CityFunafuti
41%
CityGuatemala City
41%
CityHanoi
41%
CityKabul
41%
CityKhartoum
41%
CityKuala Lumpur
41%
CityLa Paz / Sucre
41%
CityLima
41%
CityLisbon
41%
CityLondon
41%
CityLuxembourg
41%
CityMalé
41%
CityManila
41%
CityMexico City
41%
CityMontevideo
41%
CityMoscow
41%
CityNairobi
41%
CityNew Delhi
41%
CityNicosia
41%
CityOslo
41%
CityOuagadougou
41%
CityPanama City
41%
CityParis
41%
CityPort-au-Prince
41%
CityPrague
41%
CityPretoria / Cape Town / Bloemfontein
41%
CityPyongyang
41%
CityQuito
41%
CityRabat
41%
CityRiyadh
41%
CitySan Salvador
41%
CitySão Tomé
41%
CitySingapore
41%
CitySuva
41%
CityTaipei
41%
CityTashkent
41%
CityTbilisi
41%
CityTehran
41%
CityThimphu
41%
CityTirana
41%
CityTokyo
41%
CityTripoli
41%
CityVatican City
41%
CityVictoria
41%
CityWashington D.C.
41%
CityYerevan
41%
CityAbuja
40%
CityAddis Ababa
40%
CityAlgiers
40%
CityAmsterdam
40%
CityAnkara
40%
CityApia
40%
CityAshgabat
40%
CityAsmara
40%
CityBamako
40%
CityBandar Seri Begawan
40%
CityBangkok
40%
CityBangui
40%
CityBanjul
40%
CityBasseterre
40%
CityBeijing
40%
CityBelmopan
40%
CityBerlin
40%
CityBern
40%
CityBissau
40%
CityBrasília
40%
CityBratislava
40%
CityBrazzaville
40%
CityBridgetown
40%
CityBucharest
40%
CityCairo
40%
CityCastries
40%
CityConakry
40%
CityDjibouti
40%
CityDodoma
40%
CityDushanbe
40%
CityFreetown
40%
CityGaborone
40%
CityGeorgetown
40%
CityGitega
40%
CityHanoi
40%
CityHarare
40%
CityHavana
40%
CityHoniara
40%
CityIslamabad
40%
CityJerusalem
40%
CityJuba
40%
CityKampala
40%
CityKathmandu
40%
CityKiev
40%
CityKigali
40%
CityKingston
40%
CityKingstown
40%
CityKuala Lumpur
40%
CityKuwait City
40%
CityLibreville
40%
CityLilongwe
40%
CityLima
40%
CityLisbon
40%
CityLomé
40%
CityLondon
40%
CityLuanda
40%
CityLusaka
40%
CityLuxembourg
40%
City Madrid
40%
CityMajuro
40%
CityMalabo
40%
CityMalé
40%
CityManagua
40%
CityManama
40%
CityMaputo
40%
CityMaseru
40%
CityMbabane
40%
CityMexico City
40%
CityMinsk
40%
CityMogadishu
40%
CityMonrovia
40%
CityMoroni
40%
CityMoscow
40%
CityMuscat
40%
CityMystery City (Vienna)
40%
CityNairobi
40%
CityNassau
40%
CityNaypyidaw
40%
CityN'Djamena
40%
CityNew Delhi
40%
CityNgerulmud
40%
CityNiamey
40%
CityNouakchott
40%
CityNukuʻalofa
40%
CityOslo
40%
CityOttawa
40%
CityPalikir
40%
CityParamaribo
40%
CityParis
40%
CityPhnom Penh
40%
CityPort Louis
40%
CityPort Moresby
40%
CityPort-of-Spain
40%
CityPorto-Novo / Cotonou
40%
CityPort Vila
40%
CityPraia
40%
CityPretoria / Cape Town / Bloemfontein
40%
CityQuito
40%
CityRiga
40%
CityRiyadh
40%
CityRome
40%
CityRoseau
40%
CitySaint George's
40%
CitySaint John's
40%
CitySana'a
40%
CitySan José
40%
CitySantiago
40%
CitySanto Domingo
40%
CitySarajevo
40%
CitySkopje
40%
CitySofia
40%
CitySouth Tarawa
40%
CitySri Jayawardenepura Kotte
40%
CityTallinn
40%
CityTegucigalpa
40%
CityThimphu
40%
CityTokyo
40%
CityTunis
40%
CityUlaanbaatar
40%
CityVaduz
40%
CityValletta
40%
CityVatican City
40%
CityVientiane
40%
CityWashington D.C.
40%
CityWindhoek
40%
CityYamoussoukro
40%
CityYaoundé
40%
CityYaren
40%
CityAlgiers
39%
CityAmman
39%
CityAmsterdam
39%
CityAndorra la Vella
39%
CityAnkara
39%
CityAntananarivo
39%
CityApia
39%
CityAshgabat
39%
CityAsmara
39%
CityAthens
39%
CityBaghdad
39%
CityBangkok
39%
CityBangui
39%
CityBeirut
39%
CityBelgrade
39%
CityBerlin
39%
CityBern
39%
CityBishkek
39%
CityBratislava
39%
CityBuenos Aires
39%
CityCairo
39%
CityCanberra
39%
CityCaracas
39%
CityDakar
39%
CityDili
39%
CityDjibouti
39%
CityDodoma
39%
CityDoha
39%
CityDublin
39%
CityDushanbe
39%
CityHavana
39%
CityHelsinki
39%
CityHoniara
39%
CityJakarta
39%
CityKabul
39%
CityKampala
39%
CityKiev
39%
CityKingston
39%
CityKingstown
39%
CityKinshasa
39%
CityKuwait City
39%
City La Paz / Sucre
39%
CityLisbon
39%
CityLondon
39%
CityMadrid
39%
CityManama
39%
CityMonaco
39%
CityMontevideo
39%
CityNaypyidaw
39%
CityNgerulmud
39%
CityNicosia
39%
CityNukuʻalofa
39%
CityOslo
39%
CityOttawa
39%
CityOuagadougou
39%
CityPanama City
39%
CityParis
39%
CityPhnom Penh
39%
CityPodgorica
39%
CityPort Vila
39%
CityQuito
39%
CityRabat
39%
CityRiga
39%
CityRome
39%
CitySana'a
39%
CitySan José
39%
CitySan Marino
39%
CitySarajevo
39%
CitySri Jayawardenepura Kotte
39%
CitySuva
39%
CityTallinn
39%
CityTbilisi
39%
CityTehran
39%
CityTirana
39%
CityTunis
39%
CityVaduz
39%
CityValletta
39%
CityVatican City
39%
CityVienna
39%
CityVilnius
39%
CityWashington D.C.
39%
CityWindhoek
39%
CityYaren
39%
CityYerevan
39%
CityZagreb
39%
CityAbu Dhabi
38%
CityAbuja
38%
CityAccra
38%
CityAnkara
38%
CityAntananarivo
38%
CityAsunción
38%
CityAthens
38%
CityBamako
38%
CityBandar Seri Begawan
38%
CityBanjul
38%
CityBasseterre
38%
CityBeijing
38%
CityBelmopan
38%
CityBishkek
38%
CityBissau
38%
CityBrasília
38%
CityBratislava
38%
CityBrazzaville
38%
CityBridgetown
38%
CityBuenos Aires
38%
CityCairo
38%
CityCanberra
38%
CityCastries
38%
CityChișinău
38%
CityConakry
38%
CityDamascus
38%
CityDhaka
38%
CityDili
38%
CityFreetown
38%
CityFunafuti
38%
CityGaborone
38%
CityGeorgetown
38%
CityGitega
38%
CityGuatemala City
38%
CityHarare
38%
CityJerusalem
38%
CityJuba
38%
CityKhartoum
38%
CityKiev
38%
CityKigali
38%
CityKingston
38%
CityKingstown
38%
CityKinshasa
38%
CityLibreville
38%
CityLilongwe
38%
CityLjubljana
38%
CityLomé
38%
CityLuanda
38%
CityLusaka
38%
CityMajuro
38%
CityMalabo
38%
CityManagua
38%
CityMaputo
38%
CityMaseru
38%
CityMbabane
38%
CityMogadishu
38%
CityMonrovia
38%
CityMoroni
38%
CityMoscow
38%
CityMuscat
38%
CityMystery City (Manila)
38%
CityNassau
38%
CityNaypyidaw
38%
CityN'Djamena
38%
CityNew Delhi
38%
CityNiamey
38%
CityNouakchott
38%
CityOslo
38%
CityOttawa
38%
CityPalikir
38%
CityParamaribo
38%
CityParis
38%
CityPort-au-Prince
38%
CityPort Louis
38%
CityPort Moresby
38%
CityPort-of-Spain
38%
CityPorto-Novo / Cotonou
38%
CityPrague
38%
CityPraia
38%
CityPretoria / Cape Town / Bloemfontein
38%
CityPristina
38%
CityPyongyang
38%
CityRabat
38%
CityReykjavík
38%
CityRiyadh
38%
CityRoseau
38%
CitySaint George's
38%
CitySaint John's
38%
CitySan Salvador
38%
CitySanto Domingo
38%
CitySão Tomé
38%
CitySkopje
38%
CitySouth Tarawa
38%
CityTaipei
38%
CityTegucigalpa
38%
CityTehran
38%
CityTokyo
38%
CityTripoli
38%
CityTunis
38%
CityUlaanbaatar
38%
CityVictoria
38%
CityVienna
38%
CityVientiane
38%
CityWindhoek
38%
CityYamoussoukro
38%
CityYaoundé
38%
CityZagreb
38%
CityAbu Dhabi
37%
CityAbuja
37%
CityAccra
37%
CityAddis Ababa
37%
CityAlgiers
37%
CityAmsterdam
37%
CityAndorra la Vella
37%
CityAthens
37%
CityBaku
37%
CityBandar Seri Begawan
37%
CityBeirut
37%
CityBelgrade
37%
CityBelmopan
37%
CityBern
37%
CityBogotá
37%
CityBrussels
37%
CityBudapest
37%
CityCairo
37%
CityCanberra
37%
CityDakar
37%
CityDamascus
37%
CityDjibouti
37%
CityDublin
37%
CityDushanbe
37%
CityGaborone
37%
CityGeorgetown
37%
CityHavana
37%
CityHelsinki
37%
CityHoniara
37%
CityJakarta
37%
CityJerusalem
37%
CityKathmandu
37%
CityKiev
37%
CityKingston
37%
CityKingstown
37%
CityLilongwe
37%
CityLima
37%
CityLisbon
37%
CityLondon
37%
CityLuanda
37%
CityMadrid
37%
CityMalé
37%
CityManagua
37%
CityManama
37%
CityMaputo
37%
CityMaseru
37%
CityMbabane
37%
CityMogadishu
37%
CityMonaco
37%
CityMontevideo
37%
CityMoscow
37%
CityMuscat
37%
CityNairobi
37%
CityNassau
37%
CityNew Delhi
37%
CityNukuʻalofa
37%
CityParamaribo
37%
CityParis
37%
CityPort-au-Prince
37%
CityPort Moresby
37%
CityPrague
37%
CityPretoria / Cape Town / Bloemfontein
37%
CityRabat
37%
CityReykjavík
37%
CityRiga
37%
CityRome
37%
CitySana'a
37%
CitySantiago
37%
CitySanto Domingo
37%
CitySarajevo
37%
CitySofia
37%
CityStockholm
37%
CitySuva
37%
CityTashkent
37%
CityTegucigalpa
37%
CityTokyo
37%
CityVictoria
37%
CityVienna
37%
CityVilnius
37%
CityWarsaw
37%
CityWashington D.C.
37%
CityWellington
37%
CityYerevan
37%
CityZagreb
37%
CityAbu Dhabi
36%
CityAccra
36%
CityAlgiers
36%
CityAmman
36%
CityAmsterdam
36%
CityAndorra la Vella
36%
CityAnkara
36%
CityAntananarivo
36%
CityApia
36%
CityAshgabat
36%
CityAsmara
36%
CityAsunción
36%
CityAthens
36%
CityBaghdad
36%
CityBaku
36%
CityBamako
36%
CityBangui
36%
CityBasseterre
36%
CityBeijing
36%
CityBeirut
36%
CityBelgrade
36%
CityBerlin
36%
CityBishkek
36%
CityBissau
36%
CityBogotá
36%
CityBratislava
36%
CityBrazzaville
36%
CityBridgetown
36%
CityBrussels
36%
CityBucharest
36%
CityBudapest
36%
CityCairo
36%
CityCanberra
36%
CityCaracas
36%
CityChișinău
36%
CityCopenhagen
36%
CityDakar
36%
CityDamascus
36%
CityDhaka
36%
CityDodoma
36%
CityDoha
36%
CityDushanbe
36%
CityFreetown
36%
CityFunafuti
36%
CityGaborone
36%
CityGeorgetown
36%
CityGitega
36%
CityGuatemala City
36%
CityHanoi
36%
CityHarare
36%
CityHavana
36%
CityHoniara
36%
CityIslamabad
36%
CityJerusalem
36%
CityJuba
36%
CityKabul
36%
CityKampala
36%
CityKhartoum
36%
CityKiev
36%
CityKigali
36%
CityKingston
36%
CityKingstown
36%
CityKinshasa
36%
CityKuwait City
36%
CityLa Paz / Sucre
36%
CityLibreville
36%
CityLilongwe
36%
CityLima
36%
CityLjubljana
36%
CityLomé
36%
CityLusaka
36%
CityLuxembourg
36%
CityMadrid
36%
CityMajuro
36%
CityMalabo
36%
CityManama
36%
CityManila
36%
CityMaputo
36%
CityMaseru
36%
CityMbabane
36%
CityMinsk
36%
CityMonaco
36%
CityMontevideo
36%
CityMoroni
36%
CityMoscow
36%
CityNairobi
36%
CityNaypyidaw
36%
CityN'Djamena
36%
CityNew Delhi
36%
CityNgerulmud
36%
CityNiamey
36%
CityNicosia
36%
CityNouakchott
36%
CityNur-Sultan
36%
CityOuagadougou
36%
CityPalikir
36%
CityPanama City
36%
CityParis
36%
CityPort Louis
36%
CityPort-of-Spain
36%
CityPort Vila
36%
CityPrague
36%
CityPraia
36%
CityPretoria / Cape Town / Bloemfontein
36%
CityPyongyang
36%
City | City Quito
36%
CityRabat
36%
CityReykjavík
36%
CityRiga
36%
CityRome
36%
CityRoseau
36%
CitySana'a
36%
CitySan José
36%
CitySan Marino
36%
CitySeoul
36%
CitySingapore
36%
CitySkopje
36%
CitySofia
36%
CitySouth Tarawa
36%
CitySri Jayawardenepura Kotte
36%
CityStockholm
36%
CityTaipei
36%
CityTallinn
36%
CityTbilisi
36%
CityThimphu
36%
CityTirana
36%
CityTripoli
36%
CityTunis
36%
CityVaduz
36%
CityValletta
36%
CityVatican City
36%
CityVictoria
36%
CityVilnius
36%
CityWellington
36%
CityWindhoek
36%
CityYamoussoukro
36%
CityYaoundé
36%
CityYaren
36%
CityYerevan
36%
CityZagreb
36%
CityAbu Dhabi
35%
CityAccra
35%
CityAddis Ababa
35%
CityAmman
35%
CityAntananarivo
35%
CityApia
35%
CityAshgabat
35%
CityAsunción
35%
CityAthens
35%
CityBaghdad
35%
CityBaku
35%
CityBamako
35%
CityBangkok
35%
CityBanjul
35%
CityBasseterre
35%
CityBeirut
35%
CityBelgrade
35%
CityBelmopan
35%
CityBerlin
35%
CityBern
35%
CityBissau
35%
CityBridgetown
35%
CityBrussels
35%
CityBucharest
35%
CityCaracas
35%
CityCastries
35%
CityChișinău
35%
CityConakry
35%
CityDakar
35%
CityDili
35%
CityDjibouti
35%
CityDodoma
35%
CityDoha
35%
CityDushanbe
35%
CityFreetown
35%
CityGitega
35%
CityGuatemala City
35%
CityHanoi
35%
CityHavana
35%
CityIslamabad
35%
CityJakarta
35%
CityJerusalem
35%
CityJuba
35%
CityKabul
35%
CityKathmandu
35%
CityKhartoum
35%
CityKigali
35%
CityKingston
35%
CityKingstown
35%
CityKinshasa
35%
CityKuala Lumpur
35%
CityKuwait City
35%
CityLa Paz / Sucre
35%
CityLibreville
35%
CityLuanda
35%
CityLuxembourg
35%
CityMalabo
35%
CityMalé
35%
CityManagua
35%
CityManama
35%
CityMaputo
35%
CityMexico City
35%
CityMinsk
35%
CityMogadishu
35%
CityMonaco
35%
CityMonrovia
35%
CityMoroni
35%
CityMoscow
35%
CityMuscat
35%
CityMystery City (Singapore)
35%
CityMystery City (Wellington)
35%
CityNassau
35%
CityN'Djamena
35%
CityNew Delhi
35%
CityNiamey
35%
CityNicosia
35%
CityNouakchott
35%
CityNukuʻalofa
35%
CityPanama City
35%
CityParamaribo
35%
CityParis
35%
CityPodgorica
35%
CityPort-au-Prince
35%
CityPort Louis
35%
CityPort Moresby
35%
CityPorto-Novo / Cotonou
35%
CityPort Vila
35%
CityPraia
35%
CityPretoria / Cape Town / Bloemfontein
35%
CityPristina
35%
CityPyongyang
35%
CityRiyadh
35%
CityRoseau
35%
CitySaint George's
35%
CitySaint John's
35%
CitySana'a
35%
CitySan José
35%
CitySan Marino
35%
CitySan Salvador
35%
CitySantiago
35%
CitySanto Domingo
35%
CitySão Tomé
35%
CitySarajevo
35%
CitySeoul
35%
CitySingapore
35%
CitySofia
35%
CitySri Jayawardenepura Kotte
35%
CityStockholm
35%
CityTaipei
35%
CityTallinn
35%
CityTashkent
35%
CityTbilisi
35%
CityTegucigalpa
35%
CityTokyo
35%
CityTripoli
35%
CityTunis
35%
CityUlaanbaatar
35%
CityVatican City
35%
CityVienna
35%
CityVilnius
35%
CityWarsaw
35%
City Wellington
35%
CityYamoussoukro
35%
CityYerevan
35%
CityAlgiers
34%
CityAnkara
34%
CityAshgabat
34%
CityAsmara
34%
CityBaghdad
34%
CityBamako
34%
CityBandar Seri Begawan
34%
CityBangui
34%
CityBanjul
34%
CityBasseterre
34%
CityBelmopan
34%
CityBern
34%
CityBishkek
34%
CityBissau
34%
CityBrasília
34%
CityBrazzaville
34%
CityBridgetown
34%
CityBucharest
34%
CityBudapest
34%
CityCairo
34%
CityCaracas
34%
CityCastries
34%
CityConakry
34%
CityCopenhagen
34%
CityDakar
34%
CityDodoma
34%
CityFreetown
34%
CityFunafuti
34%
CityGaborone
34%
CityGeorgetown
34%
CityGitega
34%
CityHarare
34%
CityHavana
34%
CityHoniara
34%
CityIslamabad
34%
CityKabul
34%
CityKampala
34%
CityKiev
34%
CityKigali
34%
CityKinshasa
34%
CityKuala Lumpur
34%
CityLibreville
34%
CityLilongwe
34%
CityLima
34%
CityLjubljana
34%
CityLomé
34%
CityLuanda
34%
CityLusaka
34%
CityLuxembourg
34%
CityMajuro
34%
CityMalabo
34%
CityManila
34%
CityMaseru
34%
CityMbabane
34%
CityMonrovia
34%
CityMontevideo
34%
CityMoroni
34%
CityMoscow
34%
CityMystery City (Vatican City)
34%
CityNassau
34%
CityNaypyidaw
34%
CityNew Delhi
34%
CityNgerulmud
34%
CityNiamey
34%
CityNouakchott
34%
CityNukuʻalofa
34%
CityOuagadougou
34%
CityPalikir
34%
CityParamaribo
34%
CityParis
34%
CityPhnom Penh
34%
CityPort-au-Prince
34%
CityPort Louis
34%
CityPort-of-Spain
34%
CityPorto-Novo / Cotonou
34%
CityPort Vila
34%
CityPrague
34%
CityPraia
34%
CityPyongyang
34%
CityRabat
34%
CityRiyadh
34%
CityRome
34%
CitySaint John's
34%
CitySan José
34%
CitySan Marino
34%
CitySantiago
34%
CitySanto Domingo
34%
CitySão Tomé
34%
CitySingapore
34%
CitySofia
34%
CitySouth Tarawa
34%
CitySuva
34%
CityTegucigalpa
34%
CityTehran
34%
CityThimphu
34%
CityTripoli
34%
CityUlaanbaatar
34%
CityVaduz
34%
CityValletta
34%
CityVatican City
34%
CityVictoria
34%
CityVienna
34%
CityVientiane
34%
CityWarsaw
34%
CityWashington D.C.
34%
CityWindhoek
34%
CityYamoussoukro
34%
CityYaoundé
34%
CityYaren
34%
CityZagreb
34%
CityAbu Dhabi
33%
CityAddis Ababa
33%
CityAlgiers
33%
CityAmman
33%
CityAndorra la Vella
33%
CityAntananarivo
33%
CityAthens
33%
CityBaghdad
33%
CityBanjul
33%
CityBasseterre
33%
CityBeijing
33%
CityBelgrade
33%
CityBelmopan
33%
CityBissau
33%
CityBogotá
33%
CityBrazzaville
33%
CityBudapest
33%
CityBuenos Aires
33%
CityCairo
33%
CityCastries
33%
CityCopenhagen
33%
CityDhaka
33%
CityDoha
33%
CityDublin
33%
CityGaborone
33%
City Hanoi
33%
CityHelsinki
33%
CityIslamabad
33%
CityJakarta
33%
CityJerusalem
33%
CityKampala
33%
CityKathmandu
33%
CityKinshasa
33%
CityLa Paz / Sucre
33%
CityLibreville
33%
CityLilongwe
33%
CityLima
33%
CityLjubljana
33%
CityLondon
33%
CityLuxembourg
33%
CityMadrid
33%
CityMalé
33%
CityManama
33%
CityManila
33%
CityMaputo
33%
CityMaseru
33%
CityMbabane
33%
CityMexico City
33%
CityMogadishu
33%
CityMoroni
33%
CityMuscat
33%
CityNairobi
33%
CityNassau
33%
CityN'Djamena
33%
CityNew Delhi
33%
CityNicosia
33%
CityNukuʻalofa
33%
CityNur-Sultan
33%
CityOslo
33%
CityOttawa
33%
CityPort-au-Prince
33%
CityPretoria / Cape Town / Bloemfontein
33%
CityReykjavík
33%
CityRiga
33%
CityRiyadh
33%
CityRome
33%
CitySaint John's
33%
CitySana'a
33%
CitySan Salvador
33%
CitySão Tomé
33%
CitySeoul
33%
CitySingapore
33%
CitySri Jayawardenepura Kotte
33%
CitySuva
33%
CityTaipei
33%
CityTallinn
33%
CityTegucigalpa
33%
CityTehran
33%
CityTokyo
33%
CityUlaanbaatar
33%
CityValletta
33%
CityVatican City
33%
CityVictoria
33%
CityVienna
33%
CityVilnius
33%
CityWarsaw
33%
CityWashington D.C.
33%
CityYamoussoukro
33%
CityYaoundé
33%
CityYaren
33%
CityZagreb
33%
CityAbuja
32%
CityAnkara
32%
CityApia
32%
CityAshgabat
32%
CityAsmara
32%
CityBaku
32%
CityBandar Seri Begawan
32%
CityBangkok
32%
CityBeijing
32%
CityBeirut
32%
CityBelgrade
32%
CityBerlin
32%
CityBishkek
32%
CityBogotá
32%
CityBrasília
32%
CityBratislava
32%
CityBridgetown
32%
CityBucharest
32%
CityChișinău
32%
CityDamascus
32%
CityDili
32%
CityDjibouti
32%
CityDoha
32%
CityDublin
32%
CityDushanbe
32%
CityFunafuti
32%
CityGeorgetown
32%
CityGitega
32%
CityHavana
32%
CityHelsinki
32%
CityHoniara
32%
CityIslamabad
32%
City Jakarta
32%
CityJerusalem
32%
CityJuba
32%
CityKathmandu
32%
CityKhartoum
32%
CityKigali
32%
CityKuwait City
32%
CityLomé
32%
CityLuxembourg
32%
CityMajuro
32%
CityManagua
32%
CityMexico City
32%
CityMinsk
32%
CityMystery City (La Paz / Sucre)
32%
CityNairobi
32%
CityNaypyidaw
32%
CityNew Delhi
32%
CityNgerulmud
32%
CityNur-Sultan
32%
CityOttawa
32%
CityPalikir
32%
CityParis
32%
CityPhnom Penh
32%
CityPodgorica
32%
CityPort Louis
32%
CityPort Moresby
32%
CityPorto-Novo / Cotonou
32%
CityPort Vila
32%
CityPretoria / Cape Town / Bloemfontein
32%
CityPristina
32%
CityQuito
32%
CityRabat
32%
CityRiyadh
32%
CityRome
32%
CityRoseau
32%
CitySaint George's
32%
CitySanto Domingo
32%
CitySarajevo
32%
CitySkopje
32%
CitySouth Tarawa
32%
CityStockholm
32%
CityTaipei
32%
CityTashkent
32%
CityTbilisi
32%
CityThimphu
32%
CityTirana
32%
CityTokyo
32%
CityVientiane
32%
City Wellington
32%
CityYerevan
32%
CityAbu Dhabi
31%
CityAbuja
31%
CityAccra
31%
CityAddis Ababa
31%
CityAlgiers
31%
CityAmman
31%
CityAnkara
31%
CityAsunción
31%
CityBaghdad
31%
CityBaku
31%
CityBamako
31%
CityBeijing
31%
CityBeirut
31%
CityBerlin
31%
CityBogotá
31%
CityBratislava
31%
CityBucharest
31%
CityCanberra
31%
CityCaracas
31%
CityChișinău
31%
CityDamascus
31%
CityDublin
31%
CityGuatemala City
31%
CityHanoi
31%
CityHavana
31%
CityHelsinki
31%
CityIslamabad
31%
CityJerusalem
31%
CityKiev
31%
CityKingston
31%
CityKingstown
31%
CityLa Paz / Sucre
31%
CityLisbon
31%
CityLomé
31%
CityLuanda
31%
CityMadrid
31%
CityManila
31%
CityMinsk
31%
CityMonaco
31%
CityMontevideo
31%
CityNairobi
31%
CityNew Delhi
31%
CityNicosia
31%
CityOslo
31%
CityPanama City
31%
CityParamaribo
31%
CityParis
31%
CityPort-of-Spain
31%
CityPrague
31%
CityPraia
31%
CityPretoria / Cape Town / Bloemfontein
31%
CityPristina
31%
CityReykjavík
31%
CityRiga
31%
CityRiyadh
31%
CityRome
31%
CityRoseau
31%
CitySaint John's
31%
CitySarajevo
31%
CitySeoul
31%
CitySingapore
31%
CitySuva
31%
CityTehran
31%
CityTirana
31%
CityTripoli
31%
CityValletta
31%
CityVatican City
31%
CityWellington
31%
CityYerevan
31%
CityZagreb
31%
CityAbu Dhabi
30%
CityAccra
30%
CityAddis Ababa
30%
CityAlgiers
30%
CityAmman
30%
CityAndorra la Vella
30%
CityAnkara
30%
CityAntananarivo
30%
CityApia
30%
CityAshgabat
30%
CityAsmara
30%
CityAsunción
30%
CityBaghdad
30%
CityBaku
30%
CityBamako
30%
CityBandar Seri Begawan
30%
CityBangkok
30%
CityBangui
30%
CityBanjul
30%
CityBasseterre
30%
CityBeijing
30%
CityBelgrade
30%
CityBelmopan
30%
CityBerlin
30%
CityBishkek
30%
CityBissau
30%
CityBrasília
30%
CityBratislava
30%
CityBrazzaville
30%
CityBridgetown
30%
CityBucharest
30%
CityBudapest
30%
CityCanberra
30%
CityCastries
30%
CityConakry
30%
CityDakar
30%
CityDhaka
30%
CityDili
30%
CityDjibouti
30%
CityDodoma
30%
CityDoha
30%
CityDushanbe
30%
CityFreetown
30%
CityFunafuti
30%
CityGaborone
30%
CityGeorgetown
30%
CityGitega
30%
CityGuatemala City
30%
CityHanoi
30%
CityHarare
30%
CityHavana
30%
CityHoniara
30%
CityIslamabad
30%
CityJerusalem
30%
CityJuba
30%
CityKabul
30%
CityKampala
30%
CityKathmandu
30%
CityKhartoum
30%
CityKiev
30%
CityKigali
30%
CityKingston
30%
CityKingstown
30%
CityKuala Lumpur
30%
CityKuwait City
30%
CityLibreville
30%
CityLilongwe
30%
CityLisbon
30%
CityLuanda
30%
CityLusaka
30%
CityMajuro
30%
CityMalabo
30%
CityMalé
30%
CityManagua
30%
CityManama
30%
CityMaputo
30%
CityMaseru
30%
CityMbabane
30%
CityMinsk
30%
CityMogadishu
30%
CityMonrovia
30%
CityMoroni
30%
CityMoscow
30%
CityMuscat
30%
CityMystery City (Luxembourg)
30%
CityNairobi
30%
CityNassau
30%
CityNaypyidaw
30%
CityN'Djamena
30%
CityNgerulmud
30%
CityNiamey
30%
CityNouakchott
30%
CityNukuʻalofa
30%
CityNur-Sultan
30%
CityOslo
30%
CityOttawa
30%
CityOuagadougou
30%
CityPalikir
30%
CityParamaribo
30%
CityPhnom Penh
30%
CityPodgorica
30%
CityPort-au-Prince
30%
CityPort Louis
30%
CityPort Moresby
30%
CityPort-of-Spain
30%
CityPorto-Novo / Cotonou
30%
CityPort Vila
30%
CityPrague
30%
CityPraia
30%
CityPretoria / Cape Town / Bloemfontein
30%
CityPyongyang
30%
CityQuito
30%
CityRiga
30%
CityRoseau
30%
CitySaint George's
30%
CitySaint John's
30%
CitySana'a
30%
CitySan José
30%
CitySan Marino
30%
CitySan Salvador
30%
CitySanto Domingo
30%
CitySão Tomé
30%
CitySarajevo
30%
CitySeoul
30%
CitySingapore
30%
CitySkopje
30%
CitySouth Tarawa
30%
CitySri Jayawardenepura Kotte
30%
CityTaipei
30%
CityTashkent
30%
CityTbilisi
30%
CityTegucigalpa
30%
CityTehran
30%
CityThimphu
30%
CityTokyo
30%
CityTunis
30%
CityUlaanbaatar
30%
CityVaduz
30%
CityVictoria
30%
CityVientiane
30%
CityWindhoek
30%
CityYamoussoukro
30%
CityYaoundé
30%
CityYaren
30%
CityAbu Dhabi
29%
CityAbuja
29%
CityAddis Ababa
29%
CityAlgiers
29%
CityAmman
29%
CityAmsterdam
29%
CityAntananarivo
29%
CityApia
29%
CityAshgabat
29%
CityAsmara
29%
CityAthens
29%
CityBaghdad
29%
CityBandar Seri Begawan
29%
CityBangui
29%
CityBanjul
29%
CityBeirut
29%
CityBerlin
29%
CityBern
29%
CityBishkek
29%
CityBissau
29%
CityBrasília
29%
CityBratislava
29%
CityBrazzaville
29%
CityBucharest
29%
CityBudapest
29%
CityBuenos Aires
29%
CityCairo
29%
CityCanberra
29%
CityChișinău
29%
CityConakry
29%
CityCopenhagen
29%
CityDamascus
29%
CityDjibouti
29%
CityDodoma
29%
CityDoha
29%
CityDublin
29%
CityDushanbe
29%
CityFreetown
29%
CityFunafuti
29%
CityGaborone
29%
CityGitega
29%
CityHanoi
29%
CityHelsinki
29%
CityHoniara
29%
CityJuba
29%
CityKabul
29%
CityKampala
29%
CityKathmandu
29%
CityKhartoum
29%
CityKiev
29%
CityKigali
29%
CityKuala Lumpur
29%
CityKuwait City
29%
CityLibreville
29%
CityLilongwe
29%
CityLjubljana
29%
CityLomé
29%
CityLusaka
29%
CityMadrid
29%
CityMajuro
29%
CityMalabo
29%
CityManama
29%
CityMaputo
29%
CityMaseru
29%
CityMbabane
29%
CityMexico City
29%
CityMinsk
29%
CityMogadishu
29%
CityMoroni
29%
CityMuscat
29%
CityMystery City (Bogotá)
29%
CityNairobi
29%
CityNaypyidaw
29%
CityN'Djamena
29%
CityNew Delhi
29%
CityNgerulmud
29%
CityNicosia
29%
CityNukuʻalofa
29%
CityNur-Sultan
29%
CityOslo
29%
CityOttawa
29%
CityPalikir
29%
CityPanama City
29%
CityParis
29%
CityPhnom Penh
29%
CityPodgorica
29%
CityPort Louis
29%
CityPort Moresby
29%
CityPorto-Novo / Cotonou
29%
CityPort Vila
29%
CityPristina
29%
CityPyongyang
29%
CityReykjavík
29%
CityRiga
29%
CityRiyadh
29%
CityRome
29%
CitySana'a
29%
CitySan Marino
29%
CitySão Tomé
29%
CitySarajevo
29%
CitySkopje
29%
CitySofia
29%
CitySouth Tarawa
29%
CityStockholm
29%
CitySuva
29%
CityTaipei
29%
CityTallinn
29%
CityTashkent
29%
CityTbilisi
29%
CityTehran
29%
CityThimphu
29%
CityTirana
29%
CityTokyo
29%
CityTripoli
29%
CityValletta
29%
CityVatican City
29%
CityVictoria
29%
CityVientiane
29%
CityVilnius
29%
CityWellington
29%
CityWindhoek
29%
CityYamoussoukro
29%
CityYaoundé
29%
CityYaren
29%
CityYerevan
29%
CityZagreb
29%
CityAddis Ababa
28%
CityAlgiers
28%
CityBaghdad
28%
CityBaku
28%
CityBeijing
28%
CityBeirut
28%
CityBerlin
28%
CityBogotá
28%
CityBrasília
28%
CityBuenos Aires
28%
CityCanberra
28%
CityChișinău
28%
CityCopenhagen
28%
CityDakar
28%
CityDhaka
28%
CityDoha
28%
CityHelsinki
28%
CityKabul
28%
CityKiev
28%
CityKinshasa
28%
CityKuwait City
28%
CityLisbon
28%
CityMadrid
28%
CityMexico City
28%
CityMogadishu
28%
CityNairobi
28%
CityNew Delhi
28%
CityNicosia
28%
CityNur-Sultan
28%
CityOslo
28%
CityOttawa
28%
CityPhnom Penh
28%
CityPodgorica
28%
CityPretoria / Cape Town / Bloemfontein
28%
CityPristina
28%
CityRiyadh
28%
CityRome
28%
CitySan Marino
28%
CitySofia
28%
CityStockholm
28%
CityTashkent
28%
CityTbilisi
28%
CityTehran
28%
CityTokyo
28%
CityVientiane
28%
CityYerevan
28%
CityAbuja
27%
CityAddis Ababa
27%
CityAlgiers
27%
CityAmman
27%
CityAmsterdam
27%
CityAnkara
27%
CityAshgabat
27%
CityBaku
27%
CityBangkok
27%
CityBeijing
27%
CityBeirut
27%
CityBerlin
27%
CityBrasília
27%
CityBrussels
27%
CityBuenos Aires
27%
CityCairo
27%
CityCaracas
27%
CityCopenhagen
27%
CityDamascus
27%
CityDhaka
27%
CityHelsinki
27%
CityIslamabad
27%
CityJakarta
27%
CityJerusalem
27%
CityKabul
27%
CityKathmandu
27%
CityKhartoum
27%
CityKinshasa
27%
CityKuwait City
27%
CityLima
27%
CityMadrid
27%
CityMexico City
27%
CityMogadishu
27%
CityMuscat
27%
CityNairobi
27%
CityNicosia
27%
CityNur-Sultan
27%
CityOttawa
27%
CityPanama City
27%
CityParis
27%
CityPretoria / Cape Town / Bloemfontein
27%
CityPristina
27%
CityRabat
27%
CityReykjavík
27%
CityRiyadh
27%
CityRome
27%
CitySana'a
27%
CitySantiago
27%
CitySingapore
27%
CityTallinn
27%
CityTbilisi
27%
CityTokyo
27%
CityTunis
27%
CityUlaanbaatar
27%
CityValletta
27%
CityVienna
27%
CityVilnius
27%
CityWarsaw
27%
City Wellington
27%
CityZagreb
27%
CityAbu Dhabi
26%
CityAddis Ababa
26%
CityAmsterdam
26%
CityAnkara
26%
CityAthens
26%
CityBaghdad
26%
CityBangkok
26%
CityBerlin
26%
CityBern
26%
CityBishkek
26%
CityBogotá
26%
CityBratislava
26%
CityCairo
26%
CityCaracas
26%
CityChișinău
26%
CityDakar
26%
CityDublin
26%
CityGuatemala City
26%
CityHavana
26%
CityHelsinki
26%
CityIslamabad
26%
CityJakarta
26%
CityJerusalem
26%
CityKabul
26%
CityKathmandu
26%
CityKhartoum
26%
CityKiev
26%
CityKuala Lumpur
26%
City | City Lima
26%
CityMexico City
26%
CityMonaco
26%
CityMontevideo
26%
CityMuscat
26%
CityNairobi
26%
CityNassau
26%
CityNur-Sultan
26%
CityPanama City
26%
CityPretoria / Cape Town / Bloemfontein
26%
CityRabat
26%
CityRiga
26%
CityRiyadh
26%
CitySantiago
26%
CitySofia
26%
CityStockholm
26%
CityTashkent
26%
CityTbilisi
26%
CityTehran
26%
CityThimphu
26%
CityTokyo
26%
CityTripoli
26%
CityTunis
26%
CityVienna
26%
CityVilnius
26%
CityWarsaw
26%
CityWellington
26%
CityYerevan
26%
CityZagreb
26%
CityAbu Dhabi
25%
CityAccra
25%
CityAddis Ababa
25%
CityAmman
25%
CityAmsterdam
25%
CityAndorra la Vella
25%
CityAnkara
25%
CityAntananarivo
25%
CityAshgabat
25%
CityAsmara
25%
CityAsunción
25%
CityAthens
25%
CityBaghdad
25%
CityBaku
25%
CityBamako
25%
CityBangkok
25%
CityBangui
25%
CityBanjul
25%
CityBeijing
25%
CityBeirut
25%
CityBerlin
25%
CityBishkek
25%
CityBogotá
25%
CityBrasília
25%
CityBrazzaville
25%
CityBrussels
25%
CityBucharest
25%
CityBudapest
25%
CityBuenos Aires
25%
CityCanberra
25%
CityCaracas
25%
CityConakry
25%
CityDakar
25%
CityDamascus
25%
CityDhaka
25%
CityDjibouti
25%
CityDodoma
25%
CityDoha
25%
CityDublin
25%
CityDushanbe
25%
CityFreetown
25%
CityGaborone
25%
CityGeorgetown
25%
CityGitega
25%
CityGuatemala City
25%
CityHanoi
25%
CityHavana
25%
CityJakarta
25%
CityJuba
25%
CityKabul
25%
CityKampala
25%
CityKathmandu
25%
CityKhartoum
25%
CityKigali
25%
CityKingston
25%
CityKingstown
25%
CityKinshasa
25%
CityKuwait City
25%
CityLa Paz / Sucre
25%
CityLibreville
25%
CityLilongwe
25%
CityLima
25%
CityLisbon
25%
CityLomé
25%
CityLuanda
25%
CityLusaka
25%
CityLuxembourg
25%
CityMadrid
25%
CityMalabo
25%
CityMalé
25%
CityManagua
25%
CityManama
25%
CityManila
25%
CityMaputo
25%
CityMexico City
25%
CityMogadishu
25%
CityMonaco
25%
CityMonrovia
25%
CityNassau
25%
CityN'Djamena
25%
CityNew Delhi
25%
CityNiamey
25%
CityNicosia
25%
CityNouakchott
25%
CityNur-Sultan
25%
CityOslo
25%
CityOuagadougou
25%
CityPanama City
25%
CityPhnom Penh
25%
CityPort-au-Prince
25%
CityPort Louis
25%
CityPrague
25%
CityPraia
25%
CityPyongyang
25%
CityQuito
25%
CityReykjavík
25%
CityRiyadh
25%
CityRome
25%
CitySaint John's
25%
CitySana'a
25%
CitySan José
25%
CitySan Salvador
25%
CitySanto Domingo
25%
CitySeoul
25%
CitySingapore
25%
CitySouth Tarawa
25%
CitySri Jayawardenepura Kotte
25%
CityTaipei
25%
CityTallinn
25%
CityTashkent
25%
CityTegucigalpa
25%
CityTehran
25%
CityThimphu
25%
CityTokyo
25%
CityUlaanbaatar
25%
CityVaduz
25%
CityValletta
25%
CityVatican City
25%
CityVientiane
25%
CityVilnius
25%
CityWellington
25%
CityWindhoek
25%
CityYaren
25%
CityYerevan
25%
CityZagreb
25%
CityAbu Dhabi
24%
CityAbuja
24%
CityAccra
24%
CityAddis Ababa
24%
CityAlgiers
24%
CityAmsterdam
24%
CityAndorra la Vella
24%
CityAntananarivo
24%
CityApia
24%
CityAshgabat
24%
CityAsmara
24%
CityAsunción
24%
CityAthens
24%
CityBaghdad
24%
CityBaku
24%
CityBamako
24%
CityBandar Seri Begawan
24%
CityBanjul
24%
CityBasseterre
24%
CityBeijing
24%
CityBelgrade
24%
CityBelmopan
24%
CityBerlin
24%
CityBern
24%
CityBissau
24%
CityBogotá
24%
CityBrasília
24%
CityBratislava
24%
CityBrazzaville
24%
CityBridgetown
24%
CityBrussels
24%
CityBudapest
24%
CityBuenos Aires
24%
CityCairo
24%
CityCanberra
24%
CityCaracas
24%
CityCastries
24%
CityChișinău
24%
CityDhaka
24%
CityDili
24%
CityDjibouti
24%
CityDodoma
24%
CityDublin
24%
CityDushanbe
24%
CityFreetown
24%
CityFunafuti
24%
CityGaborone
24%
CityGeorgetown
24%
CityHarare
24%
CityHelsinki
24%
CityHoniara
24%
CityJakarta
24%
CityJerusalem
24%
CityJuba
24%
CityKabul
24%
CityKampala
24%
CityKathmandu
24%
CityKiev
24%
CityKigali
24%
CityKingston
24%
CityKingstown
24%
CityKinshasa
24%
CityKuala Lumpur
24%
CityLibreville
24%
CityLilongwe
24%
CityLima
24%
CityLisbon
24%
CityLomé
24%
CityLuanda
24%
CityMadrid
24%
CityMajuro
24%
CityMalé
24%
CityManagua
24%
CityManama
24%
CityManila
24%
CityMaputo
24%
CityMaseru
24%
CityMbabane
24%
CityMexico City
24%
CityMinsk
24%
CityMogadishu
24%
CityMonaco
24%
CityMonrovia
24%
CityMontevideo
24%
CityMoroni
24%
CityMuscat
24%
CityMystery City (Tunis)
24%
CityNairobi
24%
CityNassau
24%
CityNaypyidaw
24%
CityN'Djamena
24%
CityNew Delhi
24%
CityNgerulmud
24%
CityNukuʻalofa
24%
CityOslo
24%
CityOttawa
24%
CityOuagadougou
24%
CityPalikir
24%
CityParamaribo
24%
CityPhnom Penh
24%
CityPort-au-Prince
24%
CityPort Moresby
24%
CityPort-of-Spain
24%
CityPorto-Novo / Cotonou
24%
CityPort Vila
24%
CityPrague
24%
CityPraia
24%
CityPretoria / Cape Town / Bloemfontein
24%
CityQuito
24%
CityRabat
24%
CityReykjavík
24%
CityRiga
24%
CityRiyadh
24%
CityRoseau
24%
CitySaint George's
24%
CitySan José
24%
CitySan Marino
24%
CitySan Salvador
24%
CitySantiago
24%
CitySanto Domingo
24%
CitySão Tomé
24%
CitySarajevo
24%
CitySeoul
24%
CitySofia
24%
CitySri Jayawardenepura Kotte
24%
CityStockholm
24%
CitySuva
24%
CityTaipei
24%
CityTbilisi
24%
CityTegucigalpa
24%
CityTehran
24%
CityThimphu
24%
CityTirana
24%
CityTokyo
24%
CityTripoli
24%
CityTunis
24%
CityValletta
24%
CityVatican City
24%
CityVictoria
24%
CityVienna
24%
CityWarsaw
24%
CityWellington
24%
CityWindhoek
24%
CityYamoussoukro
24%
CityYaoundé
24%
CityYerevan
24%
CityAbu Dhabi
23%
CityAbuja
23%
CityAddis Ababa
23%
CityAlgiers
23%
CityAmsterdam
23%
CityAnkara
23%
CityBaghdad
23%
CityBangui
23%
CityBeijing
23%
CityBelgrade
23%
CityBelmopan
23%
CityBerlin
23%
CityBissau
23%
CityBogotá
23%
CityBrasília
23%
CityBratislava
23%
CityBrazzaville
23%
CityBridgetown
23%
CityBucharest
23%
CityBudapest
23%
CityBuenos Aires
23%
CityCanberra
23%
CityCaracas
23%
CityConakry
23%
CityCopenhagen
23%
CityDakar
23%
CityDamascus
23%
CityDili
23%
CityDjibouti
23%
CityDoha
23%
CityFunafuti
23%
CityGitega
23%
CityHanoi
23%
CityHavana
23%
CityHelsinki
23%
CityHoniara
23%
CityJerusalem
23%
CityKabul
23%
CityKingston
23%
CityKingstown
23%
CityLa Paz / Sucre
23%
CityLibreville
23%
CityLima
23%
CityLisbon
23%
CityLjubljana
23%
CityLusaka
23%
CityLuxembourg
23%
CityMajuro
23%
CityMalabo
23%
CityMalé
23%
CityManila
23%
CityMbabane
23%
CityMinsk
23%
CityMogadishu
23%
CityMonaco
23%
CityMonrovia
23%
CityMoroni
23%
CityMystery City (Beirut)
23%
CityN'Djamena
23%
CityNgerulmud
23%
CityNiamey
23%
CityNicosia
23%
CityNouakchott
23%
City Nukuʻalofa
23%
CityNur-Sultan
23%
CityOslo
23%
CityOuagadougou
23%
CityPalikir
23%
CityParamaribo
23%
CityPort Louis
23%
CityPort-of-Spain
23%
CityPorto-Novo / Cotonou
23%
CityPort Vila
23%
CityPrague
23%
CityPretoria / Cape Town / Bloemfontein
23%
CityPyongyang
23%
CityQuito
23%
CityRabat
23%
CityReykjavík
23%
CityRiyadh
23%
CityRome
23%
CityRoseau
23%
CitySaint George's
23%
CitySaint John's
23%
CitySana'a
23%
CitySan Salvador
23%
CitySantiago
23%
CitySarajevo
23%
CitySingapore
23%
CitySouth Tarawa
23%
CityStockholm
23%
CityTallinn
23%
CityTashkent
23%
CityTbilisi
23%
CityTehran
23%
CityTokyo
23%
CityTunis
23%
CityUlaanbaatar
23%
CityValletta
23%
CityVatican City
23%
CityVienna
23%
CityVientiane
23%
CityWindhoek
23%
CityYamoussoukro
23%
CityYaren
23%
CityAbu Dhabi
22%
CityAbuja
22%
CityAccra
22%
CityAddis Ababa
22%
CityAmman
22%
CityAmsterdam
22%
CityAndorra la Vella
22%
CityAntananarivo
22%
CityApia
22%
CityAsmara
22%
CityAsunción
22%
CityAthens
22%
CityBaghdad
22%
CityBamako
22%
CityBandar Seri Begawan
22%
CityBangkok
22%
CityBangui
22%
CityBanjul
22%
CityBeirut
22%
CityBelgrade
22%
CityBelmopan
22%
CityBern
22%
CityBishkek
22%
CityBissau
22%
CityBrasília
22%
CityBratislava
22%
CityBrazzaville
22%
CityBridgetown
22%
CityBrussels
22%
CityBucharest
22%
CityBuenos Aires
22%
CityCairo
22%
CityCanberra
22%
CityCaracas
22%
CityChișinău
22%
CityConakry
22%
CityCopenhagen
22%
CityDakar
22%
CityDamascus
22%
CityDhaka
22%
CityDili
22%
CityDjibouti
22%
CityDodoma
22%
CityDoha
22%
CityDublin
22%
CityGeorgetown
22%
CityGitega
22%
CityGuatemala City
22%
CityHanoi
22%
CityHarare
22%
CityHavana
22%
CityHelsinki
22%
CityHoniara
22%
CityIslamabad
22%
CityJakarta
22%
CityJerusalem
22%
CityJuba
22%
CityKabul
22%
CityKhartoum
22%
CityKigali
22%
CityKingston
22%
CityKingstown
22%
CityKuala Lumpur
22%
CityKuwait City
22%
CityLa Paz / Sucre
22%
CityLibreville
22%
CityLilongwe
22%
City | City Lima
22%
CityLisbon
22%
CityLjubljana
22%
CityLomé
22%
CityLuanda
22%
CityLusaka
22%
CityLuxembourg
22%
CityMadrid
22%
CityMalabo
22%
CityManagua
22%
CityManila
22%
CityMaputo
22%
CityMaseru
22%
CityMexico City
22%
CityMogadishu
22%
CityMonaco
22%
CityMonrovia
22%
CityMontevideo
22%
CityNassau
22%
CityN'Djamena
22%
CityNiamey
22%
CityNicosia
22%
CityNur-Sultan
22%
CityOslo
22%
CityOttawa
22%
CityOuagadougou
22%
CityPanama City
22%
CityParamaribo
22%
CityPodgorica
22%
CityPort Moresby
22%
CityPort-of-Spain
22%
CityPorto-Novo / Cotonou
22%
CityPraia
22%
CityPretoria / Cape Town / Bloemfontein
22%
CityPristina
22%
CityPyongyang
22%
CityQuito
22%
CityReykjavík
22%
CityRiyadh
22%
CityRoseau
22%
CitySan José
22%
CitySan Marino
22%
CitySan Salvador
22%
CitySantiago
22%
CitySarajevo
22%
CitySeoul
22%
CitySingapore
22%
CitySkopje
22%
CitySofia
22%
CitySri Jayawardenepura Kotte
22%
CityStockholm
22%
CitySuva
22%
CityTaipei
22%
CityTbilisi
22%
CityTegucigalpa
22%
CityTehran
22%
CityThimphu
22%
CityTirana
22%
CityTokyo
22%
CityTripoli
22%
CityTunis
22%
CityUlaanbaatar
22%
CityVaduz
22%
CityVictoria
22%
CityVientiane
22%
CityVilnius
22%
CityWarsaw
22%
CityWellington
22%
CityWindhoek
22%
CityYaoundé
22%
CityYaren
22%
CityYerevan
22%
CityZagreb
22%
CityAbu Dhabi
21%
CityAbuja
21%
CityAccra
21%
CityAddis Ababa
21%
CityAlgiers
21%
CityAmman
21%
CityAmsterdam
21%
CityAnkara
21%
CityAntananarivo
21%
CityApia
21%
CityAshgabat
21%
CityAsmara
21%
CityAthens
21%
CityBaghdad
21%
CityBaku
21%
CityBamako
21%
CityBangkok
21%
CityBangui
21%
CityBanjul
21%
CityBasseterre
21%
CityBeijing
21%
CityBeirut
21%
CityBelgrade
21%
CityBelmopan
21%
CityBerlin
21%
CityBern
21%
CityBishkek
21%
CityBissau
21%
CityBogotá
21%
CityBrasília
21%
CityBratislava
21%
CityBrazzaville
21%
CityBridgetown
21%
CityBrussels
21%
CityBucharest
21%
CityBudapest
21%
CityCairo
21%
CityCanberra
21%
CityCastries
21%
CityConakry
21%
CityCopenhagen
21%
CityDakar
21%
CityDamascus
21%
CityDhaka
21%
CityDodoma
21%
CityDoha
21%
CityDushanbe
21%
CityFreetown
21%
CityFunafuti
21%
CityGaborone
21%
CityGeorgetown
21%
CityGitega
21%
CityGuatemala City
21%
CityHanoi
21%
CityHarare
21%
CityHelsinki
21%
CityIslamabad
21%
CityJuba
21%
CityKampala
21%
CityKathmandu
21%
CityKhartoum
21%
CityKiev
21%
CityKigali
21%
CityKinshasa
21%
CityKuala Lumpur
21%
CityKuwait City
21%
CityLa Paz / Sucre
21%
CityLibreville
21%
CityLilongwe
21%
CityLisbon
21%
CityLjubljana
21%
CityLuanda
21%
CityLusaka
21%
CityLuxembourg
21%
CityMadrid
21%
CityMajuro
21%
CityMalabo
21%
CityMalé
21%
CityManagua
21%
CityManama
21%
CityManila
21%
CityMaputo
21%
CityMaseru
21%
CityMbabane
21%
CityMinsk
21%
CityMogadishu
21%
CityMonaco
21%
CityMonrovia
21%
CityMontevideo
21%
CityMoroni
21%
CityMuscat
21%
CityMystery City (Dhaka)
21%
CityMystery City (Kuwait City)
21%
CityNassau
21%
CityNaypyidaw
21%
CityNew Delhi
21%
CityNgerulmud
21%
CityNiamey
21%
CityNicosia
21%
CityNouakchott
21%
City | City Nukuʻalofa
21%
CityOttawa
21%
CityOuagadougou
21%
CityPalikir
21%
CityPanama City
21%
CityParamaribo
21%
CityPhnom Penh
21%
CityPort-au-Prince
21%
CityPort Louis
21%
CityPort Moresby
21%
CityPort-of-Spain
21%
CityPorto-Novo / Cotonou
21%
CityPort Vila
21%
CityPrague
21%
CityPraia
21%
CityPretoria / Cape Town / Bloemfontein
21%
CityPristina
21%
CityQuito
21%
CityRabat
21%
CityRiga
21%
CityRiyadh
21%
CityRoseau
21%
CitySaint George's
21%
CitySaint John's
21%
CitySan José
21%
CitySan Marino
21%
CitySan Salvador
21%
CitySanto Domingo
21%
CitySão Tomé
21%
CitySarajevo
21%
CitySeoul
21%
CitySingapore
21%
CitySkopje
21%
CitySofia
21%
CitySouth Tarawa
21%
CitySri Jayawardenepura Kotte
21%
CityStockholm
21%
CitySuva
21%
CityTallinn
21%
CityTashkent
21%
CityTbilisi
21%
CityTegucigalpa
21%
CityTehran
21%
CityThimphu
21%
CityTirana
21%
CityTokyo
21%
CityTripoli
21%
CityTunis
21%
CityUlaanbaatar
21%
CityValletta
21%
CityVatican City
21%
CityVictoria
21%
CityVilnius
21%
CityWarsaw
21%
CityWellington
21%
CityWindhoek
21%
CityYamoussoukro
21%
CityYaoundé
21%
CityYaren
21%
CityAbu Dhabi
20%
CityAbuja
20%
CityAccra
20%
CityAlgiers
20%
CityAmsterdam
20%
CityAnkara
20%
CityAntananarivo
20%
CityApia
20%
CityAshgabat
20%
CityAsmara
20%
CityAsunción
20%
CityAthens
20%
CityBaghdad
20%
CityBandar Seri Begawan
20%
CityBangkok
20%
CityBangui
20%
CityBasseterre
20%
CityBeijing
20%
CityBelmopan
20%
CityBishkek
20%
CityBogotá
20%
CityBrasília
20%
CityBrazzaville
20%
CityBridgetown
20%
CityBudapest
20%
CityBuenos Aires
20%
CityCanberra
20%
CityCaracas
20%
CityCastries
20%
CityChișinău
20%
CityCopenhagen
20%
CityDakar
20%
CityDili
20%
CityDodoma
20%
CityDoha
20%
CityDublin
20%
CityDushanbe
20%
City Funafuti
20%
CityGaborone
20%
CityGeorgetown
20%
CityGitega
20%
CityGuatemala City
20%
CityHarare
20%
CityHavana
20%
CityHelsinki
20%
CityHoniara
20%
CityIslamabad
20%
CityJerusalem
20%
CityKabul
20%
CityKathmandu
20%
CityKhartoum
20%
CityKingston
20%
CityKingstown
20%
CityKinshasa
20%
CityKuala Lumpur
20%
CityKuwait City
20%
CityLa Paz / Sucre
20%
CityLilongwe
20%
CityLisbon
20%
CityLuanda
20%
CityLuxembourg
20%
CityMajuro
20%
CityManagua
20%
CityMaputo
20%
CityMaseru
20%
CityMbabane
20%
CityMinsk
20%
CityMogadishu
20%
CityMontevideo
20%
CityMoroni
20%
CityMuscat
20%
CityMystery City (Accra)
20%
CityNairobi
20%
CityNassau
20%
CityNaypyidaw
20%
CityN'Djamena
20%
CityNgerulmud
20%
CityNouakchott
20%
CityNukuʻalofa
20%
CityNur-Sultan
20%
CityOslo
20%
CityOuagadougou
20%
CityPalikir
20%
CityPanama City
20%
CityParamaribo
20%
CityPhnom Penh
20%
CityPodgorica
20%
CityPort-au-Prince
20%
CityPort Louis
20%
CityPort Moresby
20%
CityPort-of-Spain
20%
CityPort Vila
20%
CityPretoria / Cape Town / Bloemfontein
20%
CityPristina
20%
CityPyongyang
20%
CityReykjavík
20%
CityRiga
20%
CityRome
20%
CityRoseau
20%
CitySaint George's
20%
CitySaint John's
20%
CitySana'a
20%
CitySan José
20%
CitySan Marino
20%
CitySan Salvador
20%
CitySantiago
20%
CitySanto Domingo
20%
CitySão Tomé
20%
CitySarajevo
20%
CitySingapore
20%
CitySofia
20%
CitySouth Tarawa
20%
CitySri Jayawardenepura Kotte
20%
CityStockholm
20%
CityTaipei
20%
CityTallinn
20%
CityTashkent
20%
CityTbilisi
20%
CityTegucigalpa
20%
CityTehran
20%
CityThimphu
20%
CityTirana
20%
CityTokyo
20%
CityTripoli
20%
CityTunis
20%
CityUlaanbaatar
20%
CityValletta
20%
CityVienna
20%
CityVientiane
20%
CityWarsaw
20%
CityWindhoek
20%
CityYaoundé
20%
CityYaren
20%
CityYerevan
20%
CityZagreb
20%
CityAbu Dhabi
19%
CityAbuja
19%
CityAccra
19%
CityAddis Ababa
19%
CityAlgiers
19%
CityAmman
19%
CityAmsterdam
19%
CityAndorra la Vella
19%
CityAnkara
19%
CityAntananarivo
19%
City Apia
19%
CityAsunción
19%
CityAthens
19%
CityBandar Seri Begawan
19%
CityBangkok
19%
CityBanjul
19%
CityBasseterre
19%
CityBeijing
19%
CityBeirut
19%
CityBelgrade
19%
CityBelmopan
19%
CityBern
19%
CityBishkek
19%
CityBissau
19%
CityBrasília
19%
CityBratislava
19%
CityBridgetown
19%
CityBrussels
19%
CityBucharest
19%
CityBuenos Aires
19%
CityCairo
19%
CityCanberra
19%
CityCaracas
19%
CityCastries
19%
CityChișinău
19%
CityConakry
19%
CityCopenhagen
19%
CityDakar
19%
CityDamascus
19%
CityDili
19%
CityDjibouti
19%
CityDoha
19%
CityDublin
19%
CityFreetown
19%
CityFunafuti
19%
CityGaborone
19%
CityGeorgetown
19%
CityGuatemala City
19%
CityHavana
19%
CityHelsinki
19%
CityHoniara
19%
City | City Jakarta
19%
CityJerusalem
19%
CityKampala
19%
CityKathmandu
19%
CityKhartoum
19%
CityKiev
19%
CityKingston
19%
CityKingstown
19%
CityKinshasa
19%
CityLa Paz / Sucre
19%
CityLibreville
19%
CityLima
19%
CityLisbon
19%
CityLjubljana
19%
CityLomé
19%
CityLuanda
19%
CityLusaka
19%
CityLuxembourg
19%
CityMajuro
19%
CityMalabo
19%
CityManagua
19%
CityManama
19%
CityMaseru
19%
CityMbabane
19%
CityMexico City
19%
CityMonrovia
19%
CityMontevideo
19%
CityMoroni
19%
CityMuscat
19%
CityMystery City (Sana'a)
19%
CityNairobi
19%
CityNassau
19%
CityNaypyidaw
19%
CityN'Djamena
19%
CityNgerulmud
19%
CityNiamey
19%
CityNukuʻalofa
19%
CityNur-Sultan
19%
CityOslo
19%
CityOttawa
19%
CityPalikir
19%
CityPanama City
19%
CityParamaribo
19%
CityPhnom Penh
19%
CityPort Louis
19%
CityPort-of-Spain
19%
CityPorto-Novo / Cotonou
19%
CityPort Vila
19%
CityPrague
19%
CityPraia
19%
CityPretoria / Cape Town / Bloemfontein
19%
CityPyongyang
19%
CityQuito
19%
CityRabat
19%
CityRiyadh
19%
CityRoseau
19%
CitySaint George's
19%
CitySaint John's
19%
CitySana'a
19%
CitySan José
19%
CitySanto Domingo
19%
CitySkopje
19%
CitySofia
19%
CitySouth Tarawa
19%
CityStockholm
19%
CitySuva
19%
CityTaipei
19%
CityTallinn
19%
CityTbilisi
19%
CityTehran
19%
CityThimphu
19%
CityTokyo
19%
CityTunis
19%
CityUlaanbaatar
19%
CityVaduz
19%
CityVatican City
19%
CityVienna
19%
CityVientiane
19%
CityVilnius
19%
CityWarsaw
19%
CityYamoussoukro
19%
CityYaren
19%
CityYerevan
19%
CityAbuja
18%
CityAccra
18%
CityAlgiers
18%
CityAmman
18%
CityAnkara
18%
CityApia
18%
CityAshgabat
18%
CityAsmara
18%
CityAsunción
18%
CityAthens
18%
CityBaghdad
18%
CityBamako
18%
CityBangkok
18%
CityBanjul
18%
CityBeirut
18%
CityBishkek
18%
CityBissau
18%
CityBridgetown
18%
CityBrussels
18%
CityBuenos Aires
18%
CityCastries
18%
CityChișinău
18%
CityConakry
18%
CityCopenhagen
18%
CityDakar
18%
CityDamascus
18%
CityDjibouti
18%
CityDodoma
18%
CityDoha
18%
CityDublin
18%
CityFunafuti
18%
CityGaborone
18%
CityHarare
18%
CityHoniara
18%
CityIslamabad
18%
City | City Jakarta
18%
CityJerusalem
18%
CityJuba
18%
CityKampala
18%
CityKhartoum
18%
CityKiev
18%
CityKigali
18%
CityKingston
18%
CityKingstown
18%
CityKinshasa
18%
CityKuala Lumpur
18%
CityKuwait City
18%
CityLibreville
18%
CityLima
18%
CityLisbon
18%
CityLjubljana
18%
CityLomé
18%
CityLuanda
18%
CityLusaka
18%
CityLuxembourg
18%
CityMadrid
18%
CityMajuro
18%
CityMalabo
18%
CityMalé
18%
CityManagua
18%
CityManama
18%
CityManila
18%
CityMaputo
18%
CityMexico City
18%
CityMinsk
18%
CityMonaco
18%
CityMuscat
18%
CityNairobi
18%
CityNaypyidaw
18%
CityN'Djamena
18%
CityNew Delhi
18%
CityNgerulmud
18%
CityNiamey
18%
CityNicosia
18%
CityNukuʻalofa
18%
CityOslo
18%
CityOttawa
18%
CityOuagadougou
18%
CityPalikir
18%
CityPanama City
18%
CityParamaribo
18%
CityPhnom Penh
18%
CityPodgorica
18%
CityPort-au-Prince
18%
CityPort Moresby
18%
CityPort-of-Spain
18%
CityPort Vila
18%
CityPrague
18%
CityPraia
18%
CityPretoria / Cape Town / Bloemfontein
18%
CityPristina
18%
CityQuito
18%
CityRabat
18%
CityReykjavík
18%
CityRiga
18%
CityRiyadh
18%
CityRoseau
18%
CitySana'a
18%
CitySan José
18%
CitySan Marino
18%
CitySan Salvador
18%
CitySantiago
18%
CitySarajevo
18%
CitySeoul
18%
CitySkopje
18%
CitySouth Tarawa
18%
CityTallinn
18%
CityTashkent
18%
CityTbilisi
18%
CityTegucigalpa
18%
CityThimphu
18%
CityTirana
18%
CityTokyo
18%
CityTripoli
18%
CityValletta
18%
CityVatican City
18%
CityVictoria
18%
CityVienna
18%
CityVilnius
18%
CityWarsaw
18%
City Wellington
18%
CityWindhoek
18%
CityYaoundé
18%
CityYaren
18%
CityZagreb
18%
CityAbu Dhabi
17%
CityAbuja
17%
CityAccra
17%
CityAddis Ababa
17%
CityAlgiers
17%
CityAmman
17%
CityAmsterdam
17%
CityAndorra la Vella
17%
CityAnkara
17%
CityAntananarivo
17%
CityAsmara
17%
CityAsunción
17%
CityAthens
17%
CityBaghdad
17%
CityBaku
17%
CityBangkok
17%
CityBangui
17%
CityBasseterre
17%
CityBeijing
17%
CityBelgrade
17%
CityBelmopan
17%
CityBern
17%
CityBishkek
17%
CityBogotá
17%
CityBrazzaville
17%
CityBridgetown
17%
CityBrussels
17%
CityBucharest
17%
CityBudapest
17%
CityBuenos Aires
17%
CityCairo
17%
CityCanberra
17%
CityChișinău
17%
CityCopenhagen
17%
CityDakar
17%
CityDhaka
17%
CityDodoma
17%
CityDoha
17%
CityDushanbe
17%
CityFreetown
17%
CityFunafuti
17%
CityGeorgetown
17%
CityGitega
17%
CityGuatemala City
17%
CityHarare
17%
CityHavana
17%
CityIslamabad
17%
CityJakarta
17%
CityJerusalem
17%
CityKabul
17%
CityKampala
17%
CityKhartoum
17%
CityKiev
17%
CityKigali
17%
CityLa Paz / Sucre
17%
CityLilongwe
17%
CityLisbon
17%
CityLjubljana
17%
CityLusaka
17%
CityLuxembourg
17%
CityMadrid
17%
CityMalé
17%
CityManama
17%
CityMaputo
17%
CityMaseru
17%
CityMbabane
17%
CityMexico City
17%
CityMogadishu
17%
CityMonaco
17%
CityMonrovia
17%
CityMoroni
17%
CityMuscat
17%
CityMystery City (Vientiane)
17%
CityNairobi
17%
CityNassau
17%
CityNaypyidaw
17%
CityN'Djamena
17%
CityNew Delhi
17%
CityNicosia
17%
CityNouakchott
17%
CityNukuʻalofa
17%
CityNur-Sultan
17%
CityOttawa
17%
CityPalikir
17%
CityPanama City
17%
CityPodgorica
17%
CityPort Louis
17%
CityPort-of-Spain
17%
CityPorto-Novo / Cotonou
17%
CityPort Vila
17%
CityPrague
17%
CityPraia
17%
CityPretoria / Cape Town / Bloemfontein
17%
CityPristina
17%
CityRabat
17%
CityReykjavík
17%
CityRiga
17%
CityRiyadh
17%
CityRoseau
17%
CitySaint George's
17%
CitySaint John's
17%
CitySana'a
17%
CitySan Marino
17%
CitySantiago
17%
CitySanto Domingo
17%
CitySão Tomé
17%
CitySeoul
17%
CitySingapore
17%
CitySkopje
17%
CityStockholm
17%
CitySuva
17%
CityTallinn
17%
CityTashkent
17%
CityTehran
17%
CityTokyo
17%
CityTripoli
17%
CityTunis
17%
CityVaduz
17%
CityValletta
17%
CityVatican City
17%
CityVictoria
17%
CityVienna
17%
CityVilnius
17%
CityWarsaw
17%
City | City Wellington
17%
CityWindhoek
17%
CityYamoussoukro
17%
CityYaoundé
17%
CityZagreb
17%
CityAbu Dhabi
16%
CityAccra
16%
CityAddis Ababa
16%
CityAmman
16%
CityAmsterdam
16%
CityAndorra la Vella
16%
CityAntananarivo
16%
CityApia
16%
CityAshgabat
16%
CityAsmara
16%
CityAsunción
16%
CityBaghdad
16%
CityBaku
16%
CityBamako
16%
CityBandar Seri Begawan
16%
CityBangkok
16%
CityBanjul
16%
CityBeirut
16%
CityBelgrade
16%
CityBern
16%
CityBissau
16%
CityBogotá
16%
CityBratislava
16%
CityBrazzaville
16%
CityBrussels
16%
CityBudapest
16%
CityBuenos Aires
16%
CityCairo
16%
CityCanberra
16%
CityCaracas
16%
CityCastries
16%
CityChișinău
16%
CityConakry
16%
CityCopenhagen
16%
CityDakar
16%
CityDamascus
16%
CityDhaka
16%
CityDili
16%
CityDjibouti
16%
CityDodoma
16%
CityDoha
16%
CityDublin
16%
CityDushanbe
16%
CityFreetown
16%
CityFunafuti
16%
CityGaborone
16%
CityGeorgetown
16%
CityGitega
16%
CityGuatemala City
16%
CityHanoi
16%
CityHarare
16%
CityHavana
16%
CityHelsinki
16%
CityHoniara
16%
CityIslamabad
16%
CityJakarta
16%
CityJerusalem
16%
CityJuba
16%
CityKabul
16%
CityKathmandu
16%
CityKhartoum
16%
CityKiev
16%
CityKigali
16%
CityKingston
16%
CityKingstown
16%
CityKinshasa
16%
CityKuala Lumpur
16%
CityKuwait City
16%
CityLa Paz / Sucre
16%
CityLilongwe
16%
CityLima
16%
CityLisbon
16%
CityLomé
16%
CityLuxembourg
16%
CityMadrid
16%
CityMajuro
16%
CityMalé
16%
CityManagua
16%
CityManama
16%
CityManila
16%
CityMaputo
16%
CityMexico City
16%
CityMinsk
16%
CityMogadishu
16%
CityMonaco
16%
CityMontevideo
16%
CityMuscat
16%
CityNairobi
16%
CityNassau
16%
CityNaypyidaw
16%
CityN'Djamena
16%
CityNew Delhi
16%
CityNicosia
16%
CityNouakchott
16%
CityNukuʻalofa
16%
CityNur-Sultan
16%
CityOslo
16%
CityOttawa
16%
CityOuagadougou
16%
CityPalikir
16%
CityPanama City
16%
CityParamaribo
16%
CityPort-au-Prince
16%
CityPort Louis
16%
CityPort Moresby
16%
CityPort Vila
16%
CityPrague
16%
CityPraia
16%
CityPretoria / Cape Town / Bloemfontein
16%
CityPyongyang
16%
CityQuito
16%
CityRabat
16%
CityRiyadh
16%
CitySaint George's
16%
CitySana'a
16%
CitySan José
16%
CitySan Marino
16%
CitySantiago
16%
CitySarajevo
16%
CitySingapore
16%
CitySofia
16%
CitySouth Tarawa
16%
CitySri Jayawardenepura Kotte
16%
CityStockholm
16%
CitySuva
16%
CityTaipei
16%
CityTegucigalpa
16%
CityTehran
16%
CityThimphu
16%
CityTirana
16%
CityTripoli
16%
CityTunis
16%
CityUlaanbaatar
16%
CityVaduz
16%
CityValletta
16%
CityVatican City
16%
CityVienna
16%
CityVientiane
16%
CityVilnius
16%
CityWindhoek
16%
CityYaoundé
16%
CityYaren
16%
CityYerevan
16%
CityZagreb
16%
CityAbu Dhabi
15%
CityAbuja
15%
CityAccra
15%
CityAddis Ababa
15%
CityAlgiers
15%
CityAmman
15%
CityAmsterdam
15%
CityAndorra la Vella
15%
CityAntananarivo
15%
CityApia
15%
CityAshgabat
15%
CityAsmara
15%
CityAsunción
15%
CityAthens
15%
CityBaghdad
15%
CityBaku
15%
CityBamako
15%
CityBandar Seri Begawan
15%
CityBangkok
15%
CityBangui
15%
CityBanjul
15%
CityBasseterre
15%
CityBeirut
15%
CityBelgrade
15%
CityBelmopan
15%
CityBern
15%
CityBishkek
15%
CityBissau
15%
CityBogotá
15%
CityBrazzaville
15%
CityBridgetown
15%
CityBrussels
15%
CityBucharest
15%
CityBudapest
15%
CityBuenos Aires
15%
CityCastries
15%
CityChișinău
15%
CityConakry
15%
CityCopenhagen
15%
CityDakar
15%
CityDamascus
15%
CityDhaka
15%
CityDili
15%
CityDjibouti
15%
CityDodoma
15%
CityDoha
15%
CityDublin
15%
CityDushanbe
15%
CityFreetown
15%
CityFunafuti
15%
CityGaborone
15%
CityGeorgetown
15%
CityGitega
15%
CityGuatemala City
15%
CityHanoi
15%
CityHarare
15%
CityHavana
15%
CityHelsinki
15%
CityHoniara
15%
CityIslamabad
15%
City | City Jakarta
15%
CityJerusalem
15%
CityJuba
15%
CityKabul
15%
CityKampala
15%
CityKathmandu
15%
CityKhartoum
15%
CityKiev
15%
CityKigali
15%
CityKingston
15%
CityKingstown
15%
CityKinshasa
15%
CityKuala Lumpur
15%
CityKuwait City
15%
CityLa Paz / Sucre
15%
CityLibreville
15%
CityLilongwe
15%
CityLima
15%
CityLisbon
15%
CityLjubljana
15%
CityLomé
15%
CityLuanda
15%
CityLusaka
15%
CityMadrid
15%
CityMajuro
15%
CityMalabo
15%
CityMalé
15%
CityManagua
15%
CityManama
15%
CityManila
15%
CityMaputo
15%
CityMaseru
15%
CityMbabane
15%
CityMexico City
15%
CityMogadishu
15%
CityMonrovia
15%
CityMontevideo
15%
CityMoroni
15%
CityMuscat
15%
CityMystery City (Port Moresby)
15%
CityMystery City (San José)
15%
CityMystery City (Tegucigalpa)
15%
CityMystery City (Yerevan)
15%
CityNairobi
15%
CityNassau
15%
CityNaypyidaw
15%
CityN'Djamena
15%
CityNew Delhi
15%
CityNgerulmud
15%
CityNiamey
15%
CityNicosia
15%
CityNouakchott
15%
CityNukuʻalofa
15%
CityOslo
15%
CityOttawa
15%
CityOuagadougou
15%
CityPalikir
15%
CityPanama City
15%
CityParamaribo
15%
CityPhnom Penh
15%
CityPodgorica
15%
CityPort-au-Prince
15%
CityPort Louis
15%
CityPort Moresby
15%
CityPort-of-Spain
15%
CityPorto-Novo / Cotonou
15%
CityPort Vila
15%
CityPrague
15%
City | City Praia
15%
CityPristina
15%
CityPyongyang
15%
CityQuito
15%
CityRabat
15%
CityReykjavík
15%
CityRoseau
15%
CitySaint George's
15%
CitySaint John's
15%
CitySana'a
15%
CitySan José
15%
CitySan Marino
15%
CitySan Salvador
15%
City | City Santiago
15%
CitySanto Domingo
15%
CitySão Tomé
15%
CitySarajevo
15%
CitySeoul
15%
CitySingapore
15%
CitySkopje
15%
CitySofia
15%
CitySouth Tarawa
15%
CitySri Jayawardenepura Kotte
15%
CityStockholm
15%
CitySuva
15%
CityTaipei
15%
CityTallinn
15%
CityTashkent
15%
CityTbilisi
15%
CityTegucigalpa
15%
CityThimphu
15%
CityTirana
15%
CityTripoli
15%
CityUlaanbaatar
15%
CityVaduz
15%
CityValletta
15%
CityVatican City
15%
CityVictoria
15%
CityVienna
15%
CityVientiane
15%
CityVilnius
15%
CityWarsaw
15%
City | City Wellington
15%
CityWindhoek
15%
CityYamoussoukro
15%
CityYaoundé
15%
CityYaren
15%
CityYerevan
15%
CityAbu Dhabi
14%
CityAbuja
14%
CityAccra
14%
CityAddis Ababa
14%
CityAlgiers
14%
CityAmman
14%
CityAmsterdam
14%
CityAntananarivo
14%
CityApia
14%
CityAshgabat
14%
CityAsmara
14%
CityAthens
14%
CityBaghdad
14%
CityBandar Seri Begawan
14%
CityBangkok
14%
CityBanjul
14%
CityBasseterre
14%
CityBeirut
14%
CityBelgrade
14%
CityBelmopan
14%
CityBern
14%
CityBissau
14%
CityBogotá
14%
CityBratislava
14%
CityBrazzaville
14%
CityBridgetown
14%
CityBrussels
14%
CityBucharest
14%
CityBudapest
14%
CityCanberra
14%
CityCaracas
14%
CityCastries
14%
CityChișinău
14%
CityConakry
14%
CityCopenhagen
14%
CityDakar
14%
CityDamascus
14%
CityDhaka
14%
CityDili
14%
CityDjibouti
14%
CityDodoma
14%
CityDoha
14%
CityDublin
14%
CityDushanbe
14%
CityFreetown
14%
CityFunafuti
14%
CityGaborone
14%
CityGeorgetown
14%
CityGitega
14%
CityGuatemala City
14%
CityHanoi
14%
CityHarare
14%
CityHavana
14%
CityHelsinki
14%
CityHoniara
14%
CityIslamabad
14%
CityJakarta
14%
CityJuba
14%
CityKampala
14%
CityKhartoum
14%
CityKiev
14%
CityKigali
14%
CityKingston
14%
CityKingstown
14%
CityKinshasa
14%
CityKuala Lumpur
14%
CityKuwait City
14%
CityLa Paz / Sucre
14%
CityLibreville
14%
CityLilongwe
14%
CityLima
14%
CityLisbon
14%
CityLjubljana
14%
CityLomé
14%
CityLuanda
14%
CityLusaka
14%
CityMajuro
14%
CityMalabo
14%
CityMalé
14%
CityManagua
14%
CityManama
14%
CityManila
14%
CityMaputo
14%
CityMaseru
14%
CityMbabane
14%
City | City | City Mexico City
14%
CityMogadishu
14%
CityMonaco
14%
CityMonrovia
14%
CityMontevideo
14%
CityMoroni
14%
CityMuscat
14%
CityMystery City (Sarajevo)
14%
CityNairobi
14%
CityNassau
14%
CityN'Djamena
14%
CityNew Delhi
14%
CityNgerulmud
14%
CityNiamey
14%
CityNicosia
14%
CityNouakchott
14%
CityNukuʻalofa
14%
CityNur-Sultan
14%
CityOslo
14%
CityOttawa
14%
CityOuagadougou
14%
CityPalikir
14%
CityPanama City
14%
CityPhnom Penh
14%
CityPort-au-Prince
14%
CityPort Louis
14%
CityPort-of-Spain
14%
CityPorto-Novo / Cotonou
14%
CityPort Vila
14%
CityPrague
14%
CityPraia
14%
CityPristina
14%
CityPyongyang
14%
CityQuito
14%
CityRabat
14%
CityReykjavík
14%
CityRiga
14%
CityRoseau
14%
CitySaint George's
14%
CitySaint John's
14%
CitySan José
14%
CitySan Marino
14%
CitySan Salvador
14%
City | City Santiago
14%
CitySanto Domingo
14%
CitySão Tomé
14%
CitySarajevo
14%
CitySeoul
14%
CitySingapore
14%
CitySkopje
14%
CitySofia
14%
CitySouth Tarawa
14%
CitySri Jayawardenepura Kotte
14%
CityStockholm
14%
CityTaipei
14%
CityTashkent
14%
CityTbilisi
14%
CityTegucigalpa
14%
CityThimphu
14%
CityTirana
14%
CityTokyo
14%
CityTripoli
14%
CityTunis
14%
CityUlaanbaatar
14%
CityVaduz
14%
CityValletta
14%
CityVatican City
14%
CityVictoria
14%
CityVienna
14%
CityVientiane
14%
CityWarsaw
14%
CityWellington
14%
CityWindhoek
14%
CityYamoussoukro
14%
CityYaoundé
14%
CityYaren
14%
CityYerevan
14%
CityZagreb
14%
CityAbuja
13%
CityAccra
13%
CityAlgiers
13%
CityAmman
13%
CityAmsterdam
13%
CityAndorra la Vella
13%
CityAntananarivo
13%
City | City Apia
13%
CityAshgabat
13%
CityAsmara
13%
CityAsunción
13%
CityAthens
13%
CityBaghdad
13%
CityBaku
13%
CityBamako
13%
CityBandar Seri Begawan
13%
CityBangkok
13%
CityBangui
13%
CityBanjul
13%
CityBasseterre
13%
CityBeirut
13%
CityBelgrade
13%
CityBelmopan
13%
CityBern
13%
CityBishkek
13%
CityBissau
13%
CityBogotá
13%
CityBratislava
13%
CityBrazzaville
13%
CityBridgetown
13%
CityBrussels
13%
CityBudapest
13%
CityBuenos Aires
13%
CityCanberra
13%
CityCaracas
13%
CityCastries
13%
CityChișinău
13%
CityConakry
13%
CityCopenhagen
13%
CityDakar
13%
CityDhaka
13%
CityDili
13%
CityDjibouti
13%
CityDodoma
13%
CityDublin
13%
CityDushanbe
13%
CityFreetown
13%
CityFunafuti
13%
CityGaborone
13%
CityGeorgetown
13%
CityGitega
13%
CityGuatemala City
13%
CityHarare
13%
CityHavana
13%
CityHelsinki
13%
CityHoniara
13%
CityIslamabad
13%
CityJuba
13%
CityKabul
13%
CityKampala
13%
CityKathmandu
13%
CityKhartoum
13%
CityKiev
13%
CityKigali
13%
CityKingston
13%
CityKingstown
13%
CityKinshasa
13%
CityKuala Lumpur
13%
CityKuwait City
13%
CityLa Paz / Sucre
13%
CityLibreville
13%
CityLilongwe
13%
CityLima
13%
CityLisbon
13%
CityLjubljana
13%
CityLomé
13%
CityLuanda
13%
CityLusaka
13%
CityLuxembourg
13%
CityMajuro
13%
CityMalabo
13%
CityMalé
13%
CityManagua
13%
CityManama
13%
CityManila
13%
CityMaputo
13%
CityMaseru
13%
CityMbabane
13%
CityMinsk
13%
CityMogadishu
13%
CityMonaco
13%
CityMonrovia
13%
CityMontevideo
13%
CityMoroni
13%
CityMuscat
13%
CityMystery City (Dodoma)
13%
CityMystery City (Skopje)
13%
CityNairobi
13%
CityNassau
13%
CityNaypyidaw
13%
CityN'Djamena
13%
CityNgerulmud
13%
CityNiamey
13%
CityNicosia
13%
CityNouakchott
13%
CityNukuʻalofa
13%
CityOttawa
13%
CityOuagadougou
13%
CityPalikir
13%
CityPanama City
13%
CityParamaribo
13%
CityPhnom Penh
13%
CityPodgorica
13%
CityPort-au-Prince
13%
CityPort Louis
13%
CityPort Moresby
13%
CityPort-of-Spain
13%
CityPorto-Novo / Cotonou
13%
CityPort Vila
13%
CityPrague
13%
CityPraia
13%
CityPristina
13%
CityPyongyang
13%
CityQuito
13%
CityRabat
13%
CityReykjavík
13%
CityRiga
13%
CityRoseau
13%
CitySaint George's
13%
CitySaint John's
13%
CitySana'a
13%
CitySan José
13%
CitySan Marino
13%
CitySan Salvador
13%
CitySantiago
13%
CitySanto Domingo
13%
CitySão Tomé
13%
CitySarajevo
13%
CitySeoul
13%
CitySingapore
13%
CitySkopje
13%
CitySofia
13%
CitySouth Tarawa
13%
CitySri Jayawardenepura Kotte
13%
CityStockholm
13%
CitySuva
13%
CityTaipei
13%
CityTallinn
13%
CityTashkent
13%
CityTbilisi
13%
CityTegucigalpa
13%
CityThimphu
13%
CityTirana
13%
CityTripoli
13%
CityTunis
13%
CityUlaanbaatar
13%
CityVaduz
13%
CityValletta
13%
CityVatican City
13%
CityVictoria
13%
CityVienna
13%
CityVientiane
13%
CityVilnius
13%
CityWarsaw
13%
CityWellington
13%
CityWindhoek
13%
CityYamoussoukro
13%
CityYaoundé
13%
CityYaren
13%
CityZagreb
13%
CityAbu Dhabi
12%
CityAbuja
12%
CityAccra
12%
CityAddis Ababa
12%
CityAmman
12%
CityAmsterdam
12%
CityAndorra la Vella
12%
CityAnkara
12%
CityAntananarivo
12%
City | City Apia
12%
CityAshgabat
12%
CityAsmara
12%
CityAsunción
12%
CityBaku
12%
CityBamako
12%
CityBandar Seri Begawan
12%
CityBangkok
12%
CityBangui
12%
CityBanjul
12%
CityBasseterre
12%
CityBeirut
12%
CityBelgrade
12%
CityBelmopan
12%
CityBern
12%
CityBishkek
12%
CityBissau
12%
CityBogotá
12%
CityBratislava
12%
CityBrazzaville
12%
CityBridgetown
12%
CityBrussels
12%
CityBucharest
12%
CityBudapest
12%
CityBuenos Aires
12%
CityCanberra
12%
CityCaracas
12%
CityCastries
12%
CityConakry
12%
CityCopenhagen
12%
CityDamascus
12%
CityDhaka
12%
CityDili
12%
CityDjibouti
12%
CityDodoma
12%
CityDoha
12%
CityDublin
12%
CityDushanbe
12%
CityFreetown
12%
CityFunafuti
12%
CityGaborone
12%
CityGeorgetown
12%
CityGitega
12%
CityGuatemala City
12%
CityHanoi
12%
CityHarare
12%
CityHavana
12%
CityHelsinki
12%
CityHoniara
12%
CityIslamabad
12%
CityJakarta
12%
CityJuba
12%
CityKabul
12%
CityKampala
12%
CityKathmandu
12%
CityKiev
12%
CityKigali
12%
CityKingston
12%
CityKingstown
12%
CityKinshasa
12%
CityKuala Lumpur
12%
CityKuwait City
12%
CityLa Paz / Sucre
12%
CityLibreville
12%
CityLilongwe
12%
CityLisbon
12%
CityLjubljana
12%
CityLomé
12%
CityLuanda
12%
CityLusaka
12%
CityLuxembourg
12%
CityMajuro
12%
CityMalabo
12%
CityMalé
12%
CityManagua
12%
CityManama
12%
CityManila
12%
CityMaputo
12%
CityMaseru
12%
CityMbabane
12%
CityMinsk
12%
CityMogadishu
12%
CityMonaco
12%
CityMonrovia
12%
CityMontevideo
12%
CityMoroni
12%
CityMystery City (Ashgabat)
12%
CityMystery City (Dushanbe)
12%
CityMystery City (Kampala)
12%
CityNairobi
12%
CityNassau
12%
CityNaypyidaw
12%
CityN'Djamena
12%
CityNgerulmud
12%
CityNicosia
12%
CityNouakchott
12%
CityNukuʻalofa
12%
CityNur-Sultan
12%
CityOslo
12%
CityOuagadougou
12%
CityPalikir
12%
CityPanama City
12%
CityParamaribo
12%
CityPhnom Penh
12%
CityPort-au-Prince
12%
CityPort Louis
12%
CityPort Moresby
12%
CityPort-of-Spain
12%
CityPorto-Novo / Cotonou
12%
CityPort Vila
12%
CityPrague
12%
CityPraia
12%
CityPretoria / Cape Town / Bloemfontein
12%
CityPristina
12%
CityPyongyang
12%
City | City Quito
12%
CityReykjavík
12%
CityRiga
12%
CityRiyadh
12%
CityRoseau
12%
CitySaint George's
12%
CitySaint John's
12%
CitySana'a
12%
CitySan José
12%
CitySan Marino
12%
CitySan Salvador
12%
CitySanto Domingo
12%
CitySão Tomé
12%
CitySarajevo
12%
CitySeoul
12%
CitySingapore
12%
CitySkopje
12%
CitySofia
12%
CitySouth Tarawa
12%
CitySri Jayawardenepura Kotte
12%
CityStockholm
12%
CitySuva
12%
CityTaipei
12%
CityTallinn
12%
CityTashkent
12%
CityTbilisi
12%
CityTegucigalpa
12%
CityTehran
12%
CityThimphu
12%
CityTirana
12%
CityTunis
12%
CityUlaanbaatar
12%
CityVaduz
12%
CityValletta
12%
CityVatican City
12%
CityVictoria
12%
CityVienna
12%
CityVientiane
12%
CityVilnius
12%
CityWarsaw
12%
CityWellington
12%
CityWindhoek
12%
CityYamoussoukro
12%
CityYaoundé
12%
CityYaren
12%
CityYerevan
12%
CityZagreb
12%
CityAbuja
11%
CityAccra
11%
CityAddis Ababa
11%
CityAlgiers
11%
CityAmsterdam
11%
CityAndorra la Vella
11%
City | City Apia
11%
CityAshgabat
11%
CityAsunción
11%
CityBaghdad
11%
CityBamako
11%
CityBandar Seri Begawan
11%
CityBangui
11%
CityBanjul
11%
CityBasseterre
11%
CityBeirut
11%
CityBelmopan
11%
CityBern
11%
CityBishkek
11%
CityBissau
11%
CityBogotá
11%
CityBratislava
11%
CityBrazzaville
11%
CityBridgetown
11%
CityBrussels
11%
CityBucharest
11%
CityBudapest
11%
CityCaracas
11%
CityCastries
11%
CityChișinău
11%
CityConakry
11%
CityCopenhagen
11%
CityDakar
11%
CityDili
11%
CityDjibouti
11%
CityDodoma
11%
CityDoha
11%
CityDublin
11%
CityDushanbe
11%
CityFreetown
11%
City | City Funafuti
11%
CityGaborone
11%
CityGeorgetown
11%
CityGitega
11%
CityGuatemala City
11%
CityHanoi
11%
CityHarare
11%
CityHoniara
11%
CityIslamabad
11%
CityJakarta
11%
CityJerusalem
11%
CityJuba
11%
CityKabul
11%
CityKampala
11%
CityKathmandu
11%
CityKhartoum
11%
CityKiev
11%
CityKigali
11%
CityKingston
11%
CityKingstown
11%
CityKuala Lumpur
11%
CityLa Paz / Sucre
11%
CityLibreville
11%
CityLilongwe
11%
CityLima
11%
CityLisbon
11%
CityLjubljana
11%
CityLomé
11%
CityLuanda
11%
CityLusaka
11%
CityLuxembourg
11%
City | City Majuro
11%
CityMalabo
11%
CityMalé
11%
CityManagua
11%
CityManama
11%
CityManila
11%
CityMaputo
11%
CityMaseru
11%
CityMbabane
11%
CityMexico City
11%
CityMinsk
11%
CityMonrovia
11%
CityMontevideo
11%
CityMoroni
11%
CityMystery City (Gaborone)
11%
CityMystery City (Libreville)
11%
CityMystery City (Sri Jayawardenepura Kotte)
11%
CityNassau
11%
CityNaypyidaw
11%
CityN'Djamena
11%
CityNew Delhi
11%
CityNgerulmud
11%
CityNiamey
11%
CityNicosia
11%
CityNouakchott
11%
CityNukuʻalofa
11%
CityNur-Sultan
11%
CityOuagadougou
11%
CityPalikir
11%
CityPanama City
11%
CityParamaribo
11%
CityPhnom Penh
11%
CityPodgorica
11%
CityPort-au-Prince
11%
CityPort Louis
11%
CityPort Moresby
11%
CityPort-of-Spain
11%
CityPorto-Novo / Cotonou
11%
CityPort Vila
11%
CityPrague
11%
CityPraia
11%
CityPristina
11%
CityPyongyang
11%
CityQuito
11%
CityRabat
11%
CityReykjavík
11%
CityRiga
11%
CityRoseau
11%
CitySaint George's
11%
CitySaint John's
11%
CitySana'a
11%
CitySan José
11%
CitySan Marino
11%
CitySan Salvador
11%
CitySantiago
11%
CitySanto Domingo
11%
CitySão Tomé
11%
CitySarajevo
11%
CitySingapore
11%
CitySkopje
11%
CitySofia
11%
CitySouth Tarawa
11%
CitySri Jayawardenepura Kotte
11%
CitySuva
11%
CityTaipei
11%
CityTallinn
11%
CityTashkent
11%
CityTbilisi
11%
CityTegucigalpa
11%
CityThimphu
11%
CityTirana
11%
CityTripoli
11%
CityTunis
11%
CityUlaanbaatar
11%
CityVaduz
11%
CityValletta
11%
CityVienna
11%
CityVientiane
11%
CityVilnius
11%
CityWellington
11%
CityWindhoek
11%
CityYamoussoukro
11%
CityYaoundé
11%
CityYaren
11%
CityYerevan
11%
CityZagreb
11%
CityAbu Dhabi
10%
CityAddis Ababa
10%
CityAmman
10%
CityAmsterdam
10%
CityAndorra la Vella
10%
CityAntananarivo
10%
CityAshgabat
10%
CityAsmara
10%
CityAthens
10%
CityBaghdad
10%
CityBaku
10%
CityBandar Seri Begawan
10%
CityBangui
10%
CityBanjul
10%
CityBasseterre
10%
CityBeirut
10%
CityBelgrade
10%
CityBelmopan
10%
CityBern
10%
CityBishkek
10%
CityBissau
10%
CityBogotá
10%
CityBratislava
10%
CityBrazzaville
10%
CityBridgetown
10%
CityBrussels
10%
CityBucharest
10%
CityBudapest
10%
CityBuenos Aires
10%
CityCastries
10%
CityChișinău
10%
CityCopenhagen
10%
CityDakar
10%
CityDamascus
10%
CityDhaka
10%
CityDili
10%
CityDjibouti
10%
CityDodoma
10%
CityDoha
10%
CityDublin
10%
CityDushanbe
10%
CityFreetown
10%
CityFunafuti
10%
CityGaborone
10%
CityGeorgetown
10%
CityGitega
10%
CityHanoi
10%
CityHarare
10%
CityHavana
10%
CityHelsinki
10%
CityHoniara
10%
CityIslamabad
10%
CityJakarta
10%
CityJuba
10%
CityKabul
10%
CityKampala
10%
CityKathmandu
10%
CityKiev
10%
CityKigali
10%
CityKinshasa
10%
CityKuwait City
10%
CityLa Paz / Sucre
10%
CityLibreville
10%
CityLilongwe
10%
CityLima
10%
CityLisbon
10%
CityLjubljana
10%
CityLomé
10%
CityLusaka
10%
CityLuxembourg
10%
CityMajuro
10%
CityMalabo
10%
CityMalé
10%
CityManagua
10%
CityManama
10%
CityManila
10%
CityMaseru
10%
CityMbabane
10%
CityMinsk
10%
CityMogadishu
10%
CityMonaco
10%
CityMontevideo
10%
CityMoroni
10%
CityMuscat
10%
CityMystery City (Bangui)
10%
CityMystery City (Santo Domingo)
10%
CityNassau
10%
CityNaypyidaw
10%
CityN'Djamena
10%
CityNew Delhi
10%
CityNgerulmud
10%
CityNiamey
10%
CityNicosia
10%
CityNukuʻalofa
10%
CityNur-Sultan
10%
CityOuagadougou
10%
CityPalikir
10%
CityParamaribo
10%
CityPhnom Penh
10%
CityPodgorica
10%
CityPort-au-Prince
10%
CityPort Louis
10%
CityPort Moresby
10%
CityPort-of-Spain
10%
CityPorto-Novo / Cotonou
10%
CityPort Vila
10%
CityPraia
10%
CityPristina
10%
CityPyongyang
10%
CityQuito
10%
CityRabat
10%
CityReykjavík
10%
CityRiga
10%
CityRiyadh
10%
CityRoseau
10%
CitySaint George's
10%
CitySaint John's
10%
CitySan José
10%
CitySan Marino
10%
CitySan Salvador
10%
CitySantiago
10%
CitySanto Domingo
10%
CitySão Tomé
10%
CitySarajevo
10%
CitySeoul
10%
CitySkopje
10%
CitySofia
10%
CitySouth Tarawa
10%
CitySri Jayawardenepura Kotte
10%
CityStockholm
10%
CitySuva
10%
CityTallinn
10%
CityTashkent
10%
CityTehran
10%
CityThimphu
10%
CityTirana
10%
CityTripoli
10%
CityTunis
10%
CityUlaanbaatar
10%
CityValletta
10%
CityVictoria
10%
CityVienna
10%
CityVientiane
10%
CityVilnius
10%
CityWarsaw
10%
CityWellington
10%
CityWindhoek
10%
CityYamoussoukro
10%
CityYaoundé
10%
CityYaren
10%
CityYerevan
10%
CityZagreb
10%
CityAbu Dhabi
9%
City Accra
9%
CityAddis Ababa
9%
CityAlgiers
9%
CityAmman
9%
CityAmsterdam
9%
CityAnkara
9%
CityApia
9%
CityAshgabat
9%
CityAsmara
9%
CityAsunción
9%
CityAthens
9%
CityBaghdad
9%
CityBaku
9%
CityBamako
9%
CityBangkok
9%
CityBangui
9%
CityBanjul
9%
CityBasseterre
9%
CityBeirut
9%
CityBelgrade
9%
CityBelmopan
9%
CityBern
9%
CityBishkek
9%
CityBissau
9%
CityBogotá
9%
CityBratislava
9%
CityBrazzaville
9%
CityBrussels
9%
CityBucharest
9%
CityBudapest
9%
CityCaracas
9%
CityConakry
9%
CityCopenhagen
9%
CityDakar
9%
CityDamascus
9%
CityDhaka
9%
CityDili
9%
CityDoha
9%
CityDushanbe
9%
CityFreetown
9%
CityGeorgetown
9%
CityGitega
9%
CityGuatemala City
9%
CityHanoi
9%
CityHavana
9%
CityHelsinki
9%
CityIslamabad
9%
CityJerusalem
9%
CityJuba
9%
CityKabul
9%
CityKampala
9%
CityKathmandu
9%
CityKingston
9%
CityKingstown
9%
CityKuala Lumpur
9%
CityLa Paz / Sucre
9%
CityLibreville
9%
CityLima
9%
CityLjubljana
9%
CityLomé
9%
CityLuanda
9%
City Majuro
9%
CityMalé
9%
CityManama
9%
CityManila
9%
CityMaseru
9%
CityMbabane
9%
CityMinsk
9%
CityMogadishu
9%
CityMonrovia
9%
CityMontevideo
9%
CityMoroni
9%
CityNairobi
9%
CityNassau
9%
CityNgerulmud
9%
CityNiamey
9%
CityNicosia
9%
CityNouakchott
9%
CityNukuʻalofa
9%
CityNur-Sultan
9%
CityPalikir
9%
CityPanama City
9%
CityParamaribo
9%
CityPodgorica
9%
CityPort Louis
9%
CityPort-of-Spain
9%
CityPorto-Novo / Cotonou
9%
CityPrague
9%
CityPraia
9%
CityPyongyang
9%
CityQuito
9%
CityReykjavík
9%
CityRiga
9%
CityRiyadh
9%
CitySaint John's
9%
CitySana'a
9%
CitySan Marino
9%
CitySan Salvador
9%
CitySão Tomé
9%
CitySarajevo
9%
CitySeoul
9%
CitySingapore
9%
CitySkopje
9%
CitySofia
9%
CityStockholm
9%
CitySuva
9%
CityTaipei
9%
CityTallinn
9%
CityTashkent
9%
CityTbilisi
9%
CityTegucigalpa
9%
CityTehran
9%
CityThimphu
9%
CityTirana
9%
CityTripoli
9%
CityTunis
9%
CityUlaanbaatar
9%
CityVaduz
9%
CityValletta
9%
CityVatican City
9%
CityVictoria
9%
CityVienna
9%
CityWellington
9%
CityYamoussoukro
9%
CityYaoundé
9%
CityYerevan
9%
CityZagreb
9%
CityAbu Dhabi
8%
CityAbuja
8%
CityAccra
8%
CityAddis Ababa
8%
CityAlgiers
8%
CityAmman
8%
CityAndorra la Vella
8%
CityAnkara
8%
CityAntananarivo
8%
CityApia
8%
CityAshgabat
8%
CityAsmara
8%
CityAsunción
8%
CityBaghdad
8%
CityBaku
8%
CityBandar Seri Begawan
8%
CityBangkok
8%
CityBangui
8%
CityBanjul
8%
CityBasseterre
8%
CityBeirut
8%
CityBelgrade
8%
CityBelmopan
8%
CityBern
8%
CityBishkek
8%
CityBissau
8%
CityBratislava
8%
CityBrazzaville
8%
CityBridgetown
8%
CityBrussels
8%
CityBucharest
8%
CityBudapest
8%
CityBuenos Aires
8%
CityCaracas
8%
CityCastries
8%
CityChișinău
8%
CityConakry
8%
CityCopenhagen
8%
CityDakar
8%
CityDamascus
8%
CityDhaka
8%
City | City Dili
8%
CityDjibouti
8%
CityDodoma
8%
CityDoha
8%
CityDushanbe
8%
CityFreetown
8%
CityFunafuti
8%
CityGaborone
8%
CityGeorgetown
8%
CityGitega
8%
CityGuatemala City
8%
CityHanoi
8%
CityHarare
8%
CityHavana
8%
CityHelsinki
8%
CityHoniara
8%
CityIslamabad
8%
CityJerusalem
8%
CityJuba
8%
CityKabul
8%
CityKampala
8%
CityKathmandu
8%
CityKhartoum
8%
CityKigali
8%
CityKingston
8%
CityKingstown
8%
CityKuala Lumpur
8%
CityKuwait City
8%
CityLa Paz / Sucre
8%
CityLibreville
8%
CityLilongwe
8%
CityLjubljana
8%
CityLomé
8%
CityLuanda
8%
CityLusaka
8%
CityLuxembourg
8%
CityMalabo
8%
CityMalé
8%
CityManagua
8%
CityManama
8%
CityManila
8%
CityMaputo
8%
CityMaseru
8%
CityMbabane
8%
CityMinsk
8%
CityMogadishu
8%
CityMonaco
8%
CityMonrovia
8%
CityMoroni
8%
CityMuscat
8%
CityMystery City (Funafuti)
8%
CityMystery City (Mbabane)
8%
CityNassau
8%
CityNaypyidaw
8%
CityN'Djamena
8%
CityNgerulmud
8%
CityNiamey
8%
CityNicosia
8%
CityNouakchott
8%
CityNukuʻalofa
8%
CityNur-Sultan
8%
CityOuagadougou
8%
CityPalikir
8%
CityPanama City
8%
CityParamaribo
8%
CityPhnom Penh
8%
CityPodgorica
8%
CityPort-au-Prince
8%
CityPort Louis
8%
CityPort Moresby
8%
CityPort-of-Spain
8%
CityPorto-Novo / Cotonou
8%
City | City Port Vila
8%
CityPrague
8%
CityPristina
8%
CityPyongyang
8%
CityQuito
8%
CityRiga
8%
CityRoseau
8%
CitySaint George's
8%
CitySaint John's
8%
CitySana'a
8%
CitySan José
8%
CitySan Marino
8%
CitySan Salvador
8%
CitySantiago
8%
CitySanto Domingo
8%
CitySão Tomé
8%
CitySarajevo
8%
CitySeoul
8%
CitySingapore
8%
CitySkopje
8%
CitySofia
8%
CitySouth Tarawa
8%
CitySri Jayawardenepura Kotte
8%
CityStockholm
8%
CitySuva
8%
CityTaipei
8%
CityTallinn
8%
CityTbilisi
8%
CityTegucigalpa
8%
CityThimphu
8%
CityTirana
8%
CityTripoli
8%
CityTunis
8%
CityUlaanbaatar
8%
CityVaduz
8%
CityValletta
8%
CityVatican City
8%
CityVictoria
8%
CityVientiane
8%
CityVilnius
8%
CityWindhoek
8%
CityYamoussoukro
8%
CityYaoundé
8%
CityYaren
8%
CityYerevan
8%
CityZagreb
8%
CityAbuja
7%
CityAccra
7%
CityAmman
7%
CityAndorra la Vella
7%
CityAntananarivo
7%
CityApia
7%
CityAshgabat
7%
CityAsmara
7%
CityAsunción
7%
CityAthens
7%
CityBaghdad
7%
CityBamako
7%
CityBandar Seri Begawan
7%
CityBangui
7%
CityBanjul
7%
CityBasseterre
7%
CityBelmopan
7%
CityBern
7%
CityBishkek
7%
CityBissau
7%
CityBogotá
7%
CityBratislava
7%
CityBridgetown
7%
CityBucharest
7%
CityCaracas
7%
CityCastries
7%
CityChișinău
7%
CityConakry
7%
CityCopenhagen
7%
CityDhaka
7%
CityDili
7%
CityDjibouti
7%
CityDodoma
7%
CityDushanbe
7%
City | City Funafuti
7%
CityGaborone
7%
CityGeorgetown
7%
CityGitega
7%
CityGuatemala City
7%
CityHanoi
7%
CityHarare
7%
CityHavana
7%
City | City Honiara
7%
CityIslamabad
7%
CityJakarta
7%
CityKampala
7%
CityKathmandu
7%
CityKiev
7%
CityKigali
7%
CityKingston
7%
CityKingstown
7%
CityKinshasa
7%
CityKuala Lumpur
7%
CityKuwait City
7%
CityLa Paz / Sucre
7%
CityLibreville
7%
CityLilongwe
7%
CityLjubljana
7%
CityLomé
7%
CityLusaka
7%
CityLuxembourg
7%
CityMajuro
7%
CityMalé
7%
CityManagua
7%
CityManama
7%
CityManila
7%
CityMaputo
7%
CityMaseru
7%
CityMbabane
7%
CityMinsk
7%
CityMonrovia
7%
CityMontevideo
7%
CityMoroni
7%
CityMuscat
7%
CityMystery City (Bamako)
7%
CityMystery City (Bissau)
7%
CityMystery City (Paramaribo)
7%
CityMystery City (Porto-Novo / Cotonou)
7%
CityMystery City (Victoria)
7%
CityNassau
7%
CityNaypyidaw
7%
CityN'Djamena
7%
CityNgerulmud
7%
CityNicosia
7%
CityNouakchott
7%
CityNukuʻalofa
7%
CityOuagadougou
7%
CityPalikir
7%
CityParamaribo
7%
CityPhnom Penh
7%
CityPort-au-Prince
7%
CityPort Louis
7%
CityPort Moresby
7%
CityPort-of-Spain
7%
CityPorto-Novo / Cotonou
7%
CityPort Vila
7%
CityPraia
7%
CityPristina
7%
CityPyongyang
7%
CityQuito
7%
CityRiga
7%
CityRoseau
7%
CitySaint George's
7%
CitySaint John's
7%
CitySana'a
7%
CitySan José
7%
CitySan Salvador
7%
CitySanto Domingo
7%
CitySão Tomé
7%
CitySarajevo
7%
CitySingapore
7%
CitySkopje
7%
CitySouth Tarawa
7%
CitySri Jayawardenepura Kotte
7%
CitySuva
7%
CityTaipei
7%
CityTallinn
7%
CityTashkent
7%
CityTbilisi
7%
CityTegucigalpa
7%
CityTehran
7%
CityThimphu
7%
CityTirana
7%
CityTunis
7%
CityVaduz
7%
CityVatican City
7%
CityVictoria
7%
CityVienna
7%
CityVientiane
7%
CityVilnius
7%
CityWarsaw
7%
CityYamoussoukro
7%
CityYaren
7%
CityYerevan
7%
CityZagreb
7%
CityAndorra la Vella
6%
City Apia
6%
CityAsunción
6%
CityBamako
6%
CityBandar Seri Begawan
6%
CityBangkok
6%
CityBangui
6%
CityBasseterre
6%
CityBelmopan
6%
CityBishkek
6%
CityBissau
6%
CityBridgetown
6%
CityBucharest
6%
CityBudapest
6%
CityCaracas
6%
CityCastries
6%
CityChișinău
6%
CityConakry
6%
CityDili
6%
CityDushanbe
6%
CityFreetown
6%
CityGeorgetown
6%
CityGitega
6%
CityGuatemala City
6%
CityHanoi
6%
CityJakarta
6%
CityKiev
6%
CityKingston
6%
CityKingstown
6%
CityKuala Lumpur
6%
CityLa Paz / Sucre
6%
CityLibreville
6%
CityLilongwe
6%
CityLjubljana
6%
CityLuxembourg
6%
CityMalabo
6%
CityManagua
6%
CityManila
6%
CityMbabane
6%
CityMonaco
6%
CityMonrovia
6%
CityMoroni
6%
CityMystery City (Port Louis)
6%
CityNairobi
6%
CityNassau
6%
CityNaypyidaw
6%
CityNiamey
6%
CityNouakchott
6%
CityNukuʻalofa
6%
CityOuagadougou
6%
CityParamaribo
6%
CityPhnom Penh
6%
CityPodgorica
6%
CityPort-au-Prince
6%
CityPort Louis
6%
CityPort Moresby
6%
CityPort-of-Spain
6%
CityPort Vila
6%
CityPrague
6%
CityPristina
6%
CityPyongyang
6%
CityQuito
6%
CityRiga
6%
CityRoseau
6%
CitySaint George's
6%
CitySaint John's
6%
CitySan José
6%
CitySan Salvador
6%
CitySantiago
6%
CitySanto Domingo
6%
CitySão Tomé
6%
CitySarajevo
6%
CitySeoul
6%
CitySri Jayawardenepura Kotte
6%
CityTaipei
6%
CityTallinn
6%
CityTegucigalpa
6%
CityThimphu
6%
CityVaduz
6%
CityVatican City
6%
CityVictoria
6%
CityVilnius
6%
CityWellington
6%
CityWindhoek
6%
CityYaoundé
6%
CityYaren
6%
CityAccra
5%
CityAddis Ababa
5%
CityAndorra la Vella
5%
CityBaghdad
5%
CityBangkok
5%
CityBanjul
5%
CityBasseterre
5%
CityBelmopan
5%
CityBissau
5%
CityBridgetown
5%
CityCastries
5%
CityFreetown
5%
CityFunafuti
5%
CityGaborone
5%
CityHanoi
5%
CityHoniara
5%
CityLomé
5%
CityLuxembourg
5%
CityMajuro
5%
CityMaseru
5%
CityMinsk
5%
CityMonaco
5%
CityMystery City (Asmara)
5%
CityNairobi
5%
CityNgerulmud
5%
CityNouakchott
5%
CityNukuʻalofa
5%
CityNur-Sultan
5%
CityOuagadougou
5%
CityPalikir
5%
CityPort-au-Prince
5%
CityPort-of-Spain
5%
CityPorto-Novo / Cotonou
5%
CityPraia
5%
CityPyongyang
5%
CityRiga
5%
CityRiyadh
5%
CityRoseau
5%
CitySaint George's
5%
CitySaint John's
5%
CitySeoul
5%
CitySingapore
5%
CitySouth Tarawa
5%
CityTripoli
5%
CityValletta
5%
CityVientiane
5%
CityWellington
5%
CityYamoussoukro
5%
CityAbu Dhabi
4%
CityAmman
4%
CityAsmara
4%
CityBamako
4%
CityBanjul
4%
CityBeirut
4%
CityBelgrade
4%
CityBissau
4%
CityBratislava
4%
CityBudapest
4%
CityConakry
4%
CityDamascus
4%
CityDhaka
4%
CityDodoma
4%
CityDoha
4%
CityGaborone
4%
CityIslamabad
4%
CityJerusalem
4%
CityKabul
4%
CityKathmandu
4%
CityKhartoum
4%
CityKigali
4%
CityKuala Lumpur
4%
CityLibreville
4%
CityLomé
4%
CityLuanda
4%
CityLuxembourg
4%
CityManama
4%
CityMogadishu
4%
CityMonaco
4%
CityMonrovia
4%
CityMuscat
4%
CityNiamey
4%
CityNicosia
4%
CityNouakchott
4%
CityPodgorica
4%
CityPort Moresby
4%
CityPorto-Novo / Cotonou
4%
CityPraia
4%
CityRiyadh
4%
CitySana'a
4%
CitySan Marino
4%
CitySão Tomé
4%
CitySarajevo
4%
CitySingapore
4%
CitySofia
4%
CityTallinn
4%
CityTehran
4%
CityTirana
4%
CityTripoli
4%
CityUlaanbaatar
4%
CityVilnius
4%
CityYamoussoukro
4%
CityYaoundé
4%
CityZagreb
4%
CityAbu Dhabi
3%
CityAddis Ababa
3%
CityAmman
3%
CityAntananarivo
3%
CityApia
3%
CityAshgabat
3%
CityBaghdad
3%
CityBaku
3%
CityBandar Seri Begawan
3%
CityBangui
3%
CityBeirut
3%
CityBelgrade
3%
CityBishkek
3%
CityBratislava
3%
CityBrazzaville
3%
CityBucharest
3%
CityChișinău
3%
CityConakry
3%
CityDhaka
3%
City Dili
3%
CityDjibouti
3%
CityDodoma
3%
CityDoha
3%
CityDushanbe
3%
CityFunafuti
3%
CityGitega
3%
CityHanoi
3%
CityHarare
3%
CityHoniara
3%
CityJuba
3%
CityKabul
3%
CityKampala
3%
CityKathmandu
3%
CityKhartoum
3%
CityKigali
3%
CityKuwait City
3%
CityLibreville
3%
CityLilongwe
3%
CityLjubljana
3%
CityLuanda
3%
CityLusaka
3%
CityMajuro
3%
CityMalabo
3%
CityMalé
3%
CityManama
3%
CityMaputo
3%
CityMaseru
3%
CityMbabane
3%
CityMinsk
3%
CityMogadishu
3%
CityMonrovia
3%
CityMoroni
3%
CityMuscat
3%
CityMystery City (Saint George's)
3%
CityNaypyidaw
3%
CityN'Djamena
3%
CityNgerulmud
3%
CityNiamey
3%
CityNicosia
3%
CityNukuʻalofa
3%
CityNur-Sultan
3%
CityOuagadougou
3%
CityPalikir
3%
CityPhnom Penh
3%
CityPodgorica
3%
CityPort Louis
3%
CityPorto-Novo / Cotonou
3%
CityPort Vila
3%
CityPristina
3%
CityPyongyang
3%
CitySana'a
3%
CitySão Tomé
3%
CitySarajevo
3%
CitySkopje
3%
CitySouth Tarawa
3%
CitySri Jayawardenepura Kotte
3%
CitySuva
3%
CityTaipei
3%
CityTashkent
3%
CityTbilisi
3%
CityThimphu
3%
CityTirana
3%
CityUlaanbaatar
3%
CityVaduz
3%
CityVictoria
3%
CityVientiane
3%
CityVilnius
3%
CityWindhoek
3%
CityYamoussoukro
3%
CityYaoundé
3%
CityYaren
3%
CityYerevan
3%
CityAshgabat
2%
CityAsmara
2%
CityBishkek
2%
CityDamascus
2%
City Dili
2%
CityDjibouti
2%
CityDushanbe
2%
CityGaborone
2%
CityGitega
2%
CityKampala
2%
CityLilongwe
2%
CityLusaka
2%
CityMajuro
2%
CityMaseru
2%
CityMystery City (Castries)
2%
CityNaypyidaw
2%
CityNgerulmud
2%
CityPalikir
2%
CityPhnom Penh
2%
CityPort Moresby
2%
CityPristina
2%
CitySkopje
2%
CityWindhoek
2%

Score Distribution

Percentile by Number Answered

Percent of People with Each Score

Your Score History

You have not taken this quiz